{"text_format":"2","workbook":"xlsx","n_sheets":3,"sheets":["UEM","UBF","CPU"],"not_rendered":{"charts":0,"images":1,"macros":0,"external_links":2,"defined_names":6,"comments":0,"pivot_tables":0},"unopened":[],"bounds":{"document_bytes":16777216,"sheet_cells":100000,"run_cost":"one","rows_first":2000,"rows_last":500,"rows_between":2000,"halvings":0,"cell_chars":16384,"cell_head_chars":4096},"cells_cut":0,"cells_raw":0,"read":"whole","date_system":"1900"}

{"sheet":"UEM","index":0,"n_rows":116,"n_cols":15,"rows_kept":116,"cut":false,"hidden":false,"merged":[[116,0,116,8],[33,3,33,7],[35,3,35,7],[39,3,39,7],[42,3,42,7],[47,3,47,7],[53,3,53,7],[27,3,27,7],[5,0,5,8],[6,0,7,0],[6,1,7,1],[6,2,7,2],[6,3,7,3],[6,4,7,4],[6,5,7,5],[6,6,6,8],[9,3,9,7],[11,3,11,7],[14,3,14,7],[20,3,20,7],[25,3,25,7],[0,0,0,8],[1,0,1,8],[2,0,2,8],[3,0,4,6],[3,7,3,8],[4,7,4,8]]}
["MINISTÉRIO DA INTEGRAÇÃO E DO DESENVOLVIMENTO REGIONAL",{"$nulls":8},"BDI serviç",1.2591000000000001]
["COMPANHIA DE DESENVOLVIMENTO DOS VALES DO SÃO FRANCISCO E DO PARNAÍBA",{"$nulls":8},"BDI fornec.",1.1359999999999999]
["SEDE"]
["PLANILHA ORÇAMENTÁRIA DE ESTIMATIVA GERAL PARA O  ESTADO DA PARAÍBA",{"$nulls":6},"Base SINAPI-PB 03/2025       ORSE 02/2025"]
[{"$nulls":7},"Data: Maio/2025"]
[]
["Item","Base        ","Código        ","Descrição","Unid.","Quant.","Valor (R$)"]
[{"$nulls":6},"Unit. (sem BDI)","Unit. (com BDI)","Total"]
[]
[7,null,null,"UNIDADE DE EXTRAÇÃO DE MEL",{"$nulls":4},{"$f":"SUM(I48,I43,I40,I36,I34,I54,I12,I15,I21,I28)","v":247920.71000000002}]
[]
["7.1",null,null,"SERVIÇOS PRELIMINARES",{"$nulls":4},{"$f":"SUM(I13:I14)","v":3285.5}]
["7.2","sinapi",105009,{"$f":"[1]CPU!$A$91","v":"LOCAÇÃO DE OBRAS"},{"$f":"[1]CPU!$I$91","v":"m²"},{"$f":"(7.89*2+9.6*2)","v":34.979999999999997},{"$f":"J13","v":73.260000000000005},{"$f":"(G13*K$1)","v":92.241666000000009},{"$f":"ROUND(F13*H13,2)","v":3226.61},73.260000000000005]
["7.3","Sinapi",98525,"LIMPEZA MECANIZADA DE CAMADA VEGETAL, VEGETAÇÃO E PEQUENAS ÁRVORES (DIÂMETRO DE TRONCO MENOR QUE 0,20 M), COM TRATOR DE ESTEIRAS.","m²",{"$f":"9.56*7.891","v":75.437960000000004},{"$f":"J14","v":0.62},{"$f":"(G14*K$1)","v":0.78064200000000006},{"$f":"ROUND(F14*H14,2)","v":58.89},0.62]
["7.4",null,null,"MOVIMENTO DE TERRA",{"$nulls":4},{"$f":"SUM(I16:I20)","v":2004.39}]
["7.5","Sinapi",101230,"ESCAVAÇÃO VERTICAL A CÉU ABERTO, EM OBRAS DE INFRAESTRUTURA, INCLUINDO CARGA, DESCARGA E TRANSPORTE, EM SOLO DE 1ª CATEGORIA COM ESCAVADEIRA HIDRÁULICA (CAÇAMBA: 0,8 M³ / 111 HP)","m³",{"$f":"45.5+1.92+4.32+3","v":54.74},{"$f":"J16","v":11.25},{"$f":"(G16*K$1)","v":14.164875000000002},{"$f":"ROUND(F16*H16,2)","v":775.39},11.25]
["7.6","Sinapi",100577,"REGULARIZAÇÃO E COMPACTAÇÃO DE SUBLEITO DE SOLO PREDOMINANTEMENTE ARENOSO.","m²",{"$f":"9.6*7.9*0.6","v":45.503999999999998},0.45,{"$f":"(G17*K$1)","v":0.56659500000000007},{"$f":"ROUND(F17*H17,2)","v":25.78},0.45]
["7.7","Sinapi",96385,"EXECUÇÃO E COMPACTAÇÃO DE ATERRO COM SOLO PREDOMINANTEMENTE ARGILOSO - EXCLUSIVE SOLO, ESCAVAÇÃO, CARGA E TRANSPORTE","m³",64.400000000000006,11.86,14.932926,{"$f":"ROUND(F18*H18,2)","v":961.68},11.86]
["7.8","Sinapi",100574,"ESPALHAMENTO DE MATERIAL COM TRATOR DE ESTEIRAS.","m³",19.05,1.35,1.6997850000000003,{"$f":"ROUND(F19*H19,2)","v":32.380000000000003},1.35]
["7.9","Sinapi",100973,"CARGA, MANOBRA E DESCARGA DE SOLOS E MATERIAIS GRANULARES EM CAMINHÃO BASCULANTE 6 M³ - CARGA COM PÁ CARREGADEIRA (CAÇAMBA DE 1,7 A 2,8 M³ /128 HP) E DESCARGA LIVRE ","m³",19.05,8.7200000000000006,10.979352000000002,{"$f":"ROUND(F20*H20,2)","v":209.16},8.7200000000000006]
["7.10",null,null,"FUNDAÇÕES/ ESTRUTURAS DE CONCRETO ARMADO",{"$nulls":4},{"$f":"SUM(I22:I25)","v":5095.58}]
["7.11","Sinapi",92802,"CORTE E DOBRA DE AÇO CA-50, DIÂMETRO DE 8,0 MM","kg",101.6,{"$f":"J22","v":10.17},{"$f":"(G22*K$1)","v":12.805047000000002},{"$f":"ROUND(F22*H22,2)","v":1300.99},10.17]
["7.12","Sinapi",94965,"CONCRETO FCK = 25MPA, TRAÇO 1:2,3:2,7 (CIMENTO/ AREIA MÉDIA/ BRITA 1) - PREPARO MECÂNICO COM BETONEIRA 400 L. ","m³",{"$f":"2.16+1.8","v":3.96},486.78,{"$f":"(G23*K$1)","v":612.90469800000005},{"$f":"ROUND(F23*H23,2)","v":2427.1},486.78]
["7.13","Sinapi",103673,"LANÇAMENTO COM USO DE BOMBA, ADENSAMENTO E ACABAMENTO DE CONCRETO EM ESTRUTURAS. AF_02/2022","m³",3.96,38.57,48.563487000000002,{"$f":"ROUND(F24*H24,2)","v":192.31},38.57]
["7.14","Sinapi",97086,"FABRICAÇÃO, MONTAGEM E DESMONTAGEM DE FORMA PARA RADIER, EM MADEIRA SERRADA, 4 UTILIZAÇÕES.","m²",7.8,119.66,150.663906,{"$f":"ROUND(F25*H25,2)","v":1175.18},119.66]
["7.15",null,null,"REVESTIMENTOS",{"$nulls":4},{"$f":"SUM(I27:I27)","v":0}]
["7.16","Sinapi",98555,"IMPERMEABILIZAÇÃO DE SUPERFÍCIE COM ARGAMASSA POLIMÉRICA / MEMBRANA ACRÍLICA, 3 DEMÃOS.","m²",0,{"$f":"(J27)","v":0},{"$f":"(J27*K$1)","v":0},{"$f":"ROUND(F27*H27,2)","v":0}]
["7.17",null,null,"ALVENARIAS, DIVISÓRIAS E FECHAMENTOS",{"$nulls":4},{"$f":"SUM(I29:I33)","v":23749.360000000001}]
["7.18","CPU","CPU010","REVESTIMENTO DE PAREDES EM CHAPAS DE AÇO INOXIDÁVEL AISI 304  - APENAS INSTALAÇÃO","m²",70.540000000000006,{"$f":"J29","v":40.591999999999999},{"$f":"(G29*K$1)","v":51.1093872},{"$f":"ROUND(F29*H29,2)","v":3605.26},{"$f":"CPU!I210","v":40.591999999999999}]
["7.19","ORSE","10280/ORSE","MANTA EM LÃ DE VIDRO","m²",66.278000000000006,15.05,18.880224999999999,1251.3399999999999,15.05]
["7.20","CPU","CPU009","CHAPA XADREZ EM ALUMINIO PARA PISO e:3mm, INCLUSO REBITE PARA FIXAÇÃO - APENAS MÃO DE OBRA","m²",29.9,355.06319999999999,{"$f":"(G31*K$1)","v":447.06007512000002},{"$f":"ROUND(F31*H31,2)","v":13367.1},{"$f":"CPU!I197","v":355.06319999999999}]
["7.21","Sinapi",96486,"FORRO EM RÉGUAS DE PVC, LISO, PARA AMBIENTES COMERCIAIS, INCLUSIVE ESTRUTURA BIDIRECIONAL DE FIXAÇÃO","m²",29.93,60.97,76.767327000000009,{"$f":"ROUND(F32*H32,2)","v":2297.65},60.97]
["7.22","Sinapi",104723,"PAREDE COM SISTEMA EM CHAPAS DE GESSO PARA DRYWALL, USO INTERNO, COM DUAS FACES DUPLAS E ESTRUTURA METÁLICA COM GUIAS DUPLAS PARA PAREDES COM ÁREA LÍQUIDA MENOR QUE 6 m², COM VÃOS.","m²",12.096,211.95,266.86624499999999,{"$f":"ROUND(F33*H33,2)","v":3228.01},211.95]
["7.23",null,null,"PINTURAS",{"$nulls":4},{"$f":"SUM(I35:I35)","v":7496.29}]
["7.24","Sinapi",100751,"PINTURA COM TINTA EPOXÍDICA DE ACABAMENTO PULVERIZADA SOBRE PERFIL METÁLICO EXECUTADO EM FÁBRICA (02 DEMÃOS).","m²",170.3,{"$f":"J35","v":34.96},{"$f":"(G35*K$1)","v":44.018136000000005},{"$f":"ROUND(F35*H35,2)","v":7496.29},34.96]
["7.25",null,null,"COBERTURAS",{"$nulls":4},{"$f":"SUM(I37:I39)","v":41303.49}]
["7.26","ORSE","13874/ORSE","ESTRUTURA METALICA P/ COBERTURA DE CRECHE PADRÃO 1 DO PADRÃO FNDE, EM LIGTH STEEL FRAME, COM PERFIS UE70 MONTANTES DE TUBO UE70, INCLUSIVE FORNECIMENTO E MONTAGEM. EXCLUSIVE TELHAS","m²",96,{"$f":"J37","v":113.51},{"$f":"(G37*K$1)","v":142.92044100000001},{"$f":"ROUND(F37*H37,2)","v":13720.36},113.51]
["7.27","Sinapi",94216,"TELHAMENTO COM TELHA METÁLICA TERMOACÚSTICA E = 30 MM, COM ATÉ 2 ÁGUAS, INCLUSO IÇAMENTO","m²",96,{"$f":"J38","v":213.13},{"$f":"(G38*K$1)","v":268.35198300000002},{"$f":"ROUND(F38*H38,2)","v":25761.79},213.13]
["7.28","Sinapi",94228,"CALHA EM CHAPA DE AÇO GALVANIZADO NÚMERO 24, DESENVOLVIMENTO DE 50 CM, INCLUSO TRANSPORTE VERTICAL. AF_07/2019","m",{"$f":"16*1.1","v":17.600000000000001},82.19,103.48542900000001,{"$f":"ROUND(F39*H39,2)","v":1821.34},82.19]
["7.29",null,null,"CONSTRUÇÃO CIVIL",{"$nulls":4},{"$f":"SUM(I41:I42)","v":8255.18}]
["7.30","Sinapi",91341,"PORTA EM ALUMÍNIO DE ABRIR TIPO VENEZIANA COM GUARNIÇÃO, FIXAÇÃO COM PARAFUSOS - FORNECIMENTO E INSTALAÇÃO.","m²",5.04,{"$f":"J41","v":709.47},{"$f":"(G41*K$1)","v":893.29367700000012},{"$f":"ROUND(F41*H41,2)","v":4502.2},709.47]
["7.31","Sinapi",100674,"CAIXILHO FIXO DE ALUMÍNIO PARA VIDRO (VIDRO INCLUSO), BATENTE/ REQUADRO DE 4 A 14 CM, SEM\nGUARNIÇÃO/ ALIZAR, FIXAÇÃO COM PARAFUSOS, VEDAÇÃO COM SILICONE, EXCLUSIVE CONTRAMARCO -\nFORNECIMENTO E INSTALAÇÃO. AF_11/2024","m²",3.75,794.85,{"$f":"(G42*K$1)","v":1000.7956350000001},{"$f":"ROUND(F42*H42,2)","v":3752.98},794.85]
["7.32",null,null,"INSTALAÇÕES PREDIAIS",{"$nulls":4},{"$f":"SUM(I44:I47)","v":13202.469999999998}]
["7.33","CPU","CPU001",{"$f":"[1]CPU!$A$65","v":"EXECUÇÃO DE INSTALAÇÕES HIDROSSANITÁRIAS, EXCLUSIVE EQUIPAMENTOS"},{"$f":"[1]CPU!$I$78","v":"cj"},1,{"$f":"J44","v":2630},{"$f":"(G44*K$1)","v":3311.4330000000004},{"$f":"ROUND(F44*H44,2)","v":3311.43},{"$f":"CPU!I45","v":2630}]
["7.34","SINAPI",98052,"TANQUE SÉPTICO CIRCULAR, EM CONCRETO PRÉ-MOLDADO, DIÂMETRO INTERNO = 1,10 M, ALTURA INTERNA = 2,50 M, VOLUME ÚTIL: 2138,2 L (PARA 5 CONTRIBUINTES).","un",1,2061.4899999999998,{"$f":"(G45*K$1)","v":2595.6220589999998},{"$f":"ROUND(F45*H45,2)","v":2595.62},2061.4899999999998]
["7.35","SINAPI",98062,"SUMIDOURO CIRCULAR, EM CONCRETO PRÉ-MOLDADO, DIÂMETRO INTERNO = 1,88 M, ALTURA INTERNA = 2,00 M, ÁREA DE INFILTRAÇÃO: 13,1 m² (PARA 5 CONTRIBUINTES)","un",1,3052.16,3842.9746560000003,3842.97,3052.16]
["7.36","CPU","CPU002",{"$f":"[1]CPU!$A$78","v":"EXECUÇÃO DE INSTALAÇÕES ELÉTRICAS, EXCLUSIVE EQUIPAMENTOS"},{"$f":"[1]CPU!$I$78","v":"cj"},1,2742,3452.4522000000002,3452.45,{"$f":"CPU!I58","v":2742}]
["7.37",null,null,"SERVIÇOS DIVERSOS",{"$nulls":4},{"$f":"SUM(I49:I53)","v":26312.94}]
["7.38","CPU","CPU003",{"$f":"[1]CPU!$A$140","v":"CORTE DE CONTAINER PARA ESQUADRIAS"},{"$f":"[1]CPU!$I$140","v":"m²"},16.45,{"$f":"J49","v":176.28028},{"$f":"(G49*K$1)","v":221.95450054800003},{"$f":"ROUND(F49*H49,2)","v":3651.15},{"$f":"CPU!I78","v":176.28028}]
["7.39","CPU","CPU004",{"$f":"[1]CPU!$A$182","v":"MODIFICAÇÕES NO CONTAINER COM CORTE POR ESMERILHADEIRA "},{"$f":"[1]CPU!$I$182","v":"m"},58.26,91.7072,{"$f":"(G50*K$1)","v":115.46853552},6727.2,{"$f":"CPU!I120","v":91.7072}]
["7.40","CPU","CPU005",{"$f":"[1]CPU!$A$200","v":"MODIFICAÇÕES NO CONTAINER UNIÃO ATRAVÉS DO PROCESSO DE SOLDAGEM, INCLUSO IÇAMENTO DO CONTAINER"},{"$f":"[1]CPU!$I$200","v":"m"},21.9,337.00267000000002,424.32006179700005,9292.61,{"$f":"CPU!I142","v":337.00267000000002}]
["7.41","CPU","CPU011","GUARDA-CORPO DE AÇO CARBONO, MONTANTES TUBULARES DE 1.1/2\" ESPAÇADOS EM 0,75M, ALTURA APROXIMADA DE 0,90M, PREPARADO COM FUNDO E TINTA EPÓXI NA COR AMARELA","m",{"$f":"0.75*2*3*1.1","v":4.95},454.72178299999996,572.54019697529998,2834.07,{"$f":"CPU!I233","v":454.72178299999996}]
["7.42","CPU","CPU013","FORNECIMENTO E INSTALAÇÃO DE SUPORTE PARA CAIXA D'ÁGUA EM METALON","un",1,3024.3098244000003,3807.9084999020406,3807.91,{"$f":"CPU!I287","v":3024.3098244000003}]
["7.43",null,null,"MATERIAIS",{"$nulls":4},{"$f":"SUM(I55:I116)","v":117215.51000000001}]
["7.44","Cotação",null,"CONTAINER DRY BOX 20 PÉS 6,1X2,21X2,6 (COMPXLARGXALTU)","un",2,{"$f":"J55","v":20978.75},{"$f":"G55*$K$2","v":23831.859999999997},{"$f":"ROUND(F55*H55,2)","v":47663.72},{"$f":"CPU!I250","v":20978.75}]
["7.45","Sinapi",89356,"TUBO PVC, SOLDAVEL, DN 25 MM, AGUA FRIA (NBR-5648)","m",12,21.47,{"$f":"G56*$K$2","v":24.389919999999996},292.68,21.47]
["7.46","Sinapi",89357,"TUBO PVC, SOLDAVEL, DN 32 MM, AGUA FRIA (NBR-5648)","m",18,29.77,33.818719999999999,608.74,29.77]
["7.47","Sinapi",9835,"TUBO PVC SERIE NORMAL, DN 40 MM, PARA ESGOTO PREDIAL (NBR 5688)","m",3,6.11,6.9409599999999996,20.82,6.11]
["7.48","Sinapi",9838,"TUBO PVC SERIE NORMAL, DN 50 MM, PARA ESGOTO PREDIAL (NBR 5688) ","m",20,10.1,11.473599999999999,229.47,10.1]
["7.49","Sinapi",9836,"TUBO PVC SERIE NORMAL, DN 100 MM, PARA ESGOTO PREDIAL (NBR 5688) ","m",1,14,15.903999999999998,15.9,14]
["7.50","Sinapi",89362,"JOELHO 90 GRAUS, PVC, SOLDÁVEL, DN 25MM, INSTALADO EM RAMAL OU SUB-RAMAL DE ÁGUA - FORNECIMENTO E INSTALAÇÃO. AF_06/2022","un",12,8.36,9.4969599999999978,113.96,8.36]
["7.51","Sinapi",89367,"JOELHO 90 GRAUS, PVC, SOLDÁVEL, DN 32MM, INSTALADO EM RAMAL OU SUB-RAMAL DE ÁGUA - FORNECIMENTO E INSTALAÇÃO. AF_06/2022","un",10,11.66,13.245759999999999,{"$f":"ROUND(F62*H62,2)","v":132.46},11.66]
["7.52","Sinapi",3515,"JOELHO PVC, SOLDAVEL, COM BUCHA DE LATAO, 90 GRAUS, 20 MM X 1/2\", PARA AGUA FRIA","un",2,6.46,7.3385599999999993,{"$f":"ROUND(F63*H63,2)","v":14.68},6.46]
["7.53","Sinapi",7121,"TE PVC, SOLDAVEL, COM BUCHA DE LATAO NA BOLSA CENTRAL, 90 GRAUS, 20 MM X 1/2\", PARA AGUA FRIA PREDIAL","un",2,9.09,10.326239999999999,{"$f":"ROUND(F64*H64,2)","v":20.65},9.09]
["7.54","Sinapi",798,"BUCHA DE REDUCAO PVC ROSCAVEL 3/4\" X 1/2\"","un",2,1.1599999999999999,1.3177599999999998,{"$f":"ROUND(F65*H65,2)","v":2.64},1.1599999999999999]
["7.55","Sinapi",103957,"BUCHA DE REDUÇÃO, CURTA, PVC, SOLDÁVEL, DN 32 X 25 MM, INSTALADO EM PRUMADA DE ÁGUA - FORNECIMENTO E INSTALAÇÃO. AF_06/2022","un",2,4.24,4.8166399999999996,9.6300000000000008,4.24]
["7.56","Sinapi",3878,"LUVA PVC, ROSCAVEL, 1 1/2\", AGUA FRIA PREDIAL","un",2,11.86,13.472959999999999,26.95,11.86]
["7.57","Sinapi",4177,"NIPLE DE FERRO GALVANIZADO, COM ROSCA BSP, DE 1/2\"","un",2,5.3,6.0207999999999995,12.04,5.3]
["7.58","Sinapi",89395,"TE, PVC, SOLDÁVEL, DN 25MM, INSTALADO EM RAMAL OU SUB-RAMAL DE ÁGUA - FORNECIMENTO E INSTALAÇÃO. AF_06/2022","un",3,11.54,13.109439999999998,39.33,11.54]
["7.59","Sinapi",89398,"TE, PVC, SOLDÁVEL, DN 32MM, INSTALADO EM RAMAL OU SUB-RAMAL DE ÁGUA - FORNECIMENTO E INSTALAÇÃO. AF_06/2022","un",3,16.28,18.49408,55.48,16.28]
["7.60","Sinapi",97,"ADAPTADOR PVC SOLDAVEL, COM FLANGE E ANEL DE VEDACAO, 32 MM X 1\", PARA CAIXA D'AGUA","un",4,18.39,20.89104,83.56,18.39]
["7.61","Sinapi",11675,"REGISTRO DE ESFERA, PVC, COM VOLANTE, VS, SOLDAVEL, DN 32 MM,","un",4,28.54,32.421439999999997,129.69,28.54]
["7.62","Sinapi",34637,"CAIXA D'AGUA / RESERVATORIO EM POLIETILENO, 500 LITROS, COM TAMPA                                                                                                                                                                                                                                                                                                                                                                                                                                         ","un",1,289.01,328.31535999999994,328.32,289.01]
["7.63","Sinapi",94495,"REGISTRO DE GAVETA BRUTO, LATÃO, ROSCÁVEL, 1\" - FORNECIMENTO E INSTALAÇÃO. AF_08/2021","un",1,64.92,73.749119999999991,73.75,64.92]
["7.64","Sinapi",94496,"REGISTRO DE GAVETA BRUTO, LATÃO, ROSCÁVEL, 1 1/4\" - FORNECIMENTO E INSTALAÇÃO. AF_08/2021","un",2,88.46,100.49055999999999,200.98,88.46]
["7.65","Sinapi",7603,"TORNEIRA DE METAL AMARELO, PARA TANQUE / JARDIM, DE PAREDE, SEM BICO, CANO CURTO, PADRAO POPULAR / USO GERA","un",2,43.31,49.200159999999997,98.4,43.31]
["7.66","Sinapi",94795,"TORNEIRA DE BOIA PARA CAIXA D'ÁGUA, ROSCÁVEL, 1/2\" - FORNECIMENTO E INSTALAÇÃO. AF_08/2021","un",1,45.46,51.642559999999996,51.64,45.46]
["7.67","Sinapi",20080,"ADESIVO PLASTICO PARA PVC, FRASCO COM 175 GR","un",2,16.32,18.53952,{"$f":"ROUND(F78*H78,2)","v":37.08},16.32]
["7.68","Sinapi",3143,"FITA VEDA ROSCA 18MMX25M","un",1,4.6100000000000003,5.2369599999999998,{"$f":"ROUND(F79*H79,2)","v":5.24},4.6100000000000003]
["7.69","Sinapi",35277,"CAIXA DE GORDURA EM PVC, DIAMETRO MINIMO 300 MM, DIAMETRO DE SAIDA 100 MM CAPACIDADE APROXIMADA 18 LITROS, COM TAMPA E CESTO","un",1,303.5,344.77599999999995,{"$f":"ROUND(F80*H80,2)","v":344.78},303.5]
["7.70","Sinapi",11735,"PROLONGADOR PAR CAIXA DE GORDURA E INSPEÇÃO DN300, PVC","un",1,7.56,8.5881599999999985,{"$f":"ROUND(F81*H81,2)","v":8.59},7.56]
["7.71","Sinapi",89482,"CAIXA SIFONADA, PVC, DN 100 X 100 X 50 MM, FORNECIDA E INSTALADA EM RAMAIS DE ENCAMINHAMENTO DE ÁGUA PLUVIAL. AF_06/2022","un",5,32.89,37.363039999999998,{"$f":"ROUND(F82*H82,2)","v":186.82},32.89]
["7.72","Sinapi",94679,"CURVA 90 GRAUS, PVC, SOLDÁVEL, DN 50 MM, INSTALADO EM RESERVAÇÃO DE ÁGUA DE EDIFICAÇÃO QUE POSSUA RESERVATÓRIO DE FIBRA/FIBROCIMENTO   FORNECIMENTO E INSTALAÇÃO. AF_06/2016","un",11,21.28,24.17408,265.91000000000003,21.28]
["7.73","Sinapi",89504,"CURVA 45 GRAUS, PVC, SOLDÁVEL, DN 50MM, INSTALADO EM PRUMADA DE ÁGUA - FORNECIMENTO E INSTALAÇÃO. AF_06/2022","un",3,16.96,19.266559999999998,57.8,16.96]
["7.74","Sinapi",89724,"JOELHO 90 GRAUS, PVC, SERIE NORMAL, ESGOTO PREDIAL, DN 40 MM, JUNTA SOLDÁVEL, FORNECIDO E INSTALADO EM RAMAL DE DESCARGA OU RAMAL DE ESGOTO SANITÁRIO. AF_08/2022","un",1,8.99,10.212639999999999,10.210000000000001,8.99]
["7.75","Sinapi",89731,"JOELHO 90 GRAUS, PVC, SERIE NORMAL, ESGOTO PREDIAL, DN 50 MM, JUNTA ELÁSTICA, FORNECIDO E INSTALADO EM RAMAL DE DESCARGA OU RAMAL DE ESGOTO SANITÁRIO. AF_08/2022","un",8,14.57,16.55152,132.41,14.57]
["7.76","Sinapi",89563,"JUNÇÃO SIMPLES, PVC, SERIE R, ÁGUA PLUVIAL, DN 50 MM, JUNTA ELÁSTICA, FORNECIDO E INSTALADO EM RAMAL DE ENCAMINHAMENTO. AF_06/2022","un",2,33.770000000000003,38.362720000000003,76.73,33.770000000000003]
["7.77","Sinapi",103995,"LUVA, PVC, SOLDÁVEL, DN 50MM, INSTALADO EM RAMAL DE DISTRIBUIÇÃO DE ÁGUA - FORNECIMENTO E INSTALAÇÃO. AF_06/2022","un",17,13.32,15.131519999999998,257.24,13.32]
["7.78","Sinapi",104345,"JUNÇÃO DE REDUÇÃO INVERTIDA, PVC, SÉRIE NORMAL, ESGOTO PREDIAL, DN 100 X 50 MM, JUNTA ELÁSTICA, FORNECIDO E INSTALADO EM RAMAL DE DESCARGA OU RAMAL DE ESGOTO SANITÁRIO. AF_08/2022","un",2,41.44,47.075839999999992,94.15,41.44]
["7.79","Sinapi",20043,"REDUÇÃO EXCÊNTRICA, PVC, ÁGUA PLUVIAL, DN 100 X 50 MM, LINHA NORMAL","un",2,8.43,9.5764799999999983,{"$f":"ROUND(F90*H90,2)","v":19.149999999999999},8.43]
["7.80","Sinapi",86883,"SIFÃO DO TIPO FLEXÍVEL EM PVC 1  X 1.1/2  - FORNECIMENTO E INSTALAÇÃO. AF_01/2020","un",1,11.48,13.041279999999999,13.04,11.48]
["7.81","Sinapi",86941,"LAVATÓRIO LOUÇA BRANCA COM COLUNA, 45 X 55CM OU EQUIVALENTE, PADRÃO MÉDIO, INCLUSO SIFÃO TIPO GARRAFA, VÁLVULA E ENGATE FLEXÍVEL DE 40CM EMMETAL CROMADO, COM TORNEIRA CROMADA DE MESA, PADRÃO MÉDIO - FORNECIMENTO E INSTALAÇÃO.","un",1,798.13,906.67567999999994,906.68,798.13]
["7.82","Sinapi",86936,"CUBA DE EMBUTIR DE AÇO INOXIDÁVEL MÉDIA, INCLUSO VÁLVULA TIPO AMERICANA E SIFÃO TIPO GARRAFA EM METAL CROMADO - FORNECIMENTO E INSTALAÇÃO","un",1,466.88,530.37567999999999,530.38,466.88]
["7.83","Cotação",null,"LAVADOR DE BOTAS EM AÇO INOXIDÁVEL AISI 304","un",1,3087.8533333333339,3507.801386666667,3507.8,{"$f":"O94","v":3087.8533333333339},null,2415.63,4192.93,2655,{"$f":"AVERAGE(L94:N94)","v":3087.8533333333339}]
["7.84","Sinapi",86906,"TORNEIRA CROMADA DE MESA, 1/2\u0094 OU 3/4\u0094, PARA LAVATÓRIO, PADRÃO POPULAR - FORNECIMENTO E INSTALAÇÃO. AF_01/2020","un",2,82.97,94.253919999999994,188.51,82.97]
["7.85","Sinapi",94768,"ADAPTADOR COM FLANGE E ANEL DE VEDAÇÃO, CPVC, ROSCÁVEL, DN 42 MM, INSTALADO EM RESERVAÇÃO DE ÁGUA DE EDIFICAÇÃO QUE POSSUA RESERVATÓRIO DE FIBRA/FIBROCIMENTO - FORNECIMENTO E INSTALAÇÃO. AF_06/2016","un",1,79.87,90.732320000000001,90.73,79.87]
["7.86","Cotação",null,"PEDALEIRA PARA ACIONAMENTO TORNEIRA, ROSCA 1/2\"","un",2,145.39666666666665,165.17061333333331,330.34,{"$f":"O97","v":145.39666666666665},null,133.4,137.88999999999999,164.9,{"$f":"AVERAGE(L97:N97)","v":145.39666666666665}]
["7.87","Sinapi",91924,"CABO DE COBRE FLEXÍVEL ISOLADO, 1,5 Mm², ANTI-CHAMA 450/750 V, PARA CIRCUITOS TERMINAIS - FORNECIMENTO E INSTALAÇÃO. AF_03/2023","m",49,3.16,3.5897600000000001,175.9,3.16]
["7.88","Sinapi",91926,"CABO DE COBRE, RIGIDO, CLASSE 2, ISOLACAO EM PVC/A, ANTICHAMA BWF-B, 1 CONDUTOR, 450/750 V, SECAO NOMINAL 2,5 Mm²","m",180,4.6399999999999997,5.2710399999999993,948.79,4.6399999999999997]
["7.89","Sinapi",91952,"INTERRUPTOR SIMPLES (1 MÓDULO), 10A/250V, SEM SUPORTE E SEM PLACA - FORNECIMENTO E INSTALAÇÃO. AF_03/2023","un",4,17.07,19.39152,77.569999999999993,17.07]
["7.90","Sinapi",91990,"TOMADA ALTA DE EMBUTIR (1 MÓDULO), 2P+T 10 A, SEM SUPORTE E SEM PLACA - FORNECIMENTO E INSTALAÇÃO. AF_03/2023","un",1,31.05,35.272799999999997,35.270000000000003,31.05]
["7.91","ORSE","11054/ORSE","CAIXA METÁLICA COM UMA TOMADA 2P+T PARA INSTALAÇÃO APARENTE","un",10,27.17,30.158700000000003,301.58999999999997,27.17]
["7.92","Sinapi",95777,"CONDULETE DE ALUMÍNIO, TIPO B, PARA ELETRODUTO DE AÇO GALVANIZADO DN 20 MM (3/4''), APARENTE - FORNECIMENTO E INSTALAÇÃO. AF_10/2022","un",5,22.42,25.46912,127.35,22.42]
["7.93","Sinapi",101890,"DISJUNTOR MONOPOLAR TIPO NEMA, CORRENTE NOMINAL DE 10 ATÉ 30A - FORNECIMENTO E INSTALAÇÃO. AF_10/2020","un",1,14.42,16.381119999999999,16.38,14.42]
["7.94","Sinapi",101892,"DISJUNTOR MONOPOLAR TIPO NEMA, CORRENTE NOMINAL DE 10 ATÉ 50A - FORNECIMENTO E INSTALAÇÃO. AF_10/2020","un",7,62.66,71.181759999999983,498.27,62.66]
["7.95","ORSE","07943/ORSE","DISJUNTOR BIPOLAR DR 25A - DISPOSITIVO DIFERENCIAL RESIDUAL, TIPO AC, 30MA","un",3,278.5,309.13500000000005,927.41,278.5]
["7.96","Sinapi",93661,"DISJUNTOR BIPOLAR TIPO DIN, CORRENTE NOMINAL DE 16A - FORNECIMENTO E INSTALAÇÃO. AF_10/2020","un",2,50.75,57.651999999999994,115.3,50.75]
["7.97","Sinapi",93665,"DISJUNTOR BIPOLAR TIPO DIN, CORRENTE NOMINAL DE 40A - FORNECIMENTO E INSTALAÇÃO. AF_10/2020","un",1,59.7,67.819199999999995,67.819999999999993,59.7]
["7.98","ORSE","4878/ORSE","PONTO DE LUZ EM TETO OU PAREDE, APARENTE SEM ELETRODUTO","un",5,65.23,72.405300000000011,362.03,65.23]
["7.99","ORSE","14448/ORSE","ELETRODUTO DE AÇO GALVANIZADO, CLASSE LEVE, DN 25 MM (1\")","m",50,33.67,37.373700000000007,1868.69,33.67]
["7.100","Sinapi",1879,"CURVA 90° PVC ELETRODUTO ROSCAVEL 3/4\"","un",16,1.56,1.77216,28.35,1.56]
["7.101","Sinapi",39128,"ABRAÇADEIRA GALVANIZADA \"D\" PARA ELETRODUTO 3/4\" COM CUNHA","un",50,2.0499999999999998,2.3287999999999998,116.44,2.0499999999999998]
["7.102","Sinapi",101878,"QUADRO DE DISTRIBUIÇÃO DE ENERGIA EM CHAPA DE AÇO GALVANIZADO, DE SOBREPOR, COM BARRAMENTO TRIFÁSICO, PARA 18 DISJUNTORES DIN 100A - FORNECIMENTO E INSTALAÇÃO. AF_10/2020","un",1,532.52,604.94271999999989,604.94000000000005,532.52]
["7.103","Sinapi",100954,"TRANSPORTE COM CAMINHÃO CARROCERIA COM GUINDAUTO (MUNCK),  MOMENTO MÁXIMO DE CARGA 11,7 TM, EM VIA INTERNA (DENTRO DO CANTEIRO - UNIDADE: TXKM). AF_07/2020","TXKM",800,8.66,9.8377599999999994,{"$f":"ROUND(F114*H114,2)","v":7870.21},8.66]
["7.104","CPU","CPU006","REVESTIMENTO DE PAREDES EM CHAPAS DE AÇO INOXIDÁVEL AISI 304  - APENAS INSTALAÇÃO","m²",70.540000000000006,365.03999999999996,414.68543999999991,{"$f":"ROUND(F115*H115,2)","v":29251.91},{"$f":"CPU!I154","v":365.03999999999996}]
["7.105","CPU","CPU008","CHAPA XADREZ EM ALUMINIO PARA PISO e:3mm, INCLUSO REBITE PARA FIXAÇÃO - APENAS MÃO DE OBRA","m²",29.9,486.72239999999999,552.91664639999999,{"$f":"ROUND(F116*H116,2)","v":16532.21},{"$f":"CPU!I184","v":486.72239999999999}]

{"sheet":"UBF","index":1,"n_rows":104,"n_cols":11,"rows_kept":104,"cut":false,"hidden":false,"merged":[[0,0,0,8],[1,0,1,8],[2,0,2,8],[3,0,4,6],[3,7,3,8],[4,7,4,8],[5,0,5,8],[6,0,7,0],[6,1,7,1],[6,2,7,2],[6,3,7,3],[6,4,7,4],[6,5,7,5],[6,6,6,8],[47,3,47,7],[54,3,54,7],[104,0,104,8],[9,3,9,7],[24,3,24,7],[30,3,30,7],[32,3,32,7],[36,3,36,7],[42,3,42,7],[10,3,10,7],[13,3,13,7],[19,3,19,7]]}
["MINISTÉRIO DA INTEGRAÇÃO E DO DESENVOLVIMENTO REGIONAL",{"$nulls":8},"BDI serviç",1.2591000000000001]
["COMPANHIA DE DESENVOLVIMENTO DOS VALES DO SÃO FRANCISCO E DO PARNAÍBA",{"$nulls":8},"BDI fornec.",1.1359999999999999]
["SEDE"]
["PLANILHA ORÇAMENTÁRIA DE ESTIMATIVA GERAL PARA O  ESTADO DA PARAÍBA",{"$nulls":6},"Base SINAPI-PB 03/2025       ORSE 02/2025"]
[{"$nulls":7},"Data: Maio/2025"]
[]
["Item","Base        ","Código        ","Descrição","Unid.","Quant.","Valor (R$)"]
[{"$nulls":6},"Unit. (sem BDI)","Unit. (com BDI)","Total"]
[]
[8,null,null,"UNIDADE DE BENEFICIAMENTO DE FRUTOS",{"$nulls":4},{"$f":"SUM(I11,I14,I20,I25,I31,I33,I37,I43,I48,I55)","v":349279.2527752}]
["8.1",null,null,"SERVIÇOS PRELIMINARES",{"$nulls":4},{"$f":"SUM(I12:I13)","v":4729.18}]
["8.2","sinapi",105009,{"$f":"[1]CPU!$A$91","v":"LOCAÇÃO DE OBRAS"},"m",{"$f":"15+10+15+10","v":50},{"$f":"J12","v":73.260000000000005},{"$f":"(G12*K$1)","v":92.241666000000009},{"$f":"ROUND(F12*H12,2)","v":4612.08},73.260000000000005]
["8.3","Sinapi",98525,"LIMPEZA MECANIZADA DE CAMADA VEGETAL, VEGETAÇÃO E PEQUENAS ÁRVORES (DIÂMETRO DE TRONCO MENOR QUE 0,20 M), COM TRATOR DE ESTEIRAS.","m²",{"$f":"15*10","v":150},{"$f":"J13","v":0.62},{"$f":"(G13*K$1)","v":0.78064200000000006},{"$f":"ROUND(F13*H13,2)","v":117.1},0.62]
["8.4",null,null,"MOVIMENTO DE TERRA",{"$nulls":4},{"$f":"SUM(I15:I19)","v":2931.5600000000004}]
["8.5","Sinapi",101230,"ESCAVAÇÃO VERTICAL A CÉU ABERTO, EM OBRAS DE INFRAESTRUTURA, INCLUINDO CARGA, DESCARGA E TRANSPORTE, EM SOLO DE 1ª CATEGORIA COM ESCAVADEIRA HIDRÁULICA (CAÇAMBA: 0,8 M³ / 111 HP)","m³",54.76,{"$f":"J15","v":11.25},{"$f":"G15*$K$1","v":14.164875000000002},{"$f":"ROUND(F15*H15,2)","v":775.67},11.25]
["8.6","Sinapi",100577,"REGULARIZAÇÃO E COMPACTAÇÃO DE SUBLEITO DE SOLO PREDOMINANTEMENTE ARENOSO.","m²",150,0.45,{"$f":"G16*$K$1","v":0.56659500000000007},{"$f":"ROUND(F16*H16,2)","v":84.99},0.45]
["8.7","Sinapi",96385,"EXECUÇÃO E COMPACTAÇÃO DE ATERRO COM SOLO PREDOMINANTEMENTE ARGILOSO - EXCLUSIVE SOLO, ESCAVAÇÃO, CARGA E TRANSPORTE","m³",75,11.86,{"$f":"G17*$K$1","v":14.932926},{"$f":"ROUND(F17*H17,2)","v":1119.97},11.86]
["8.8","Sinapi",100574,"ESPALHAMENTO DE MATERIAL COM TRATOR DE ESTEIRAS.","m³",75,1.35,{"$f":"G18*$K$1","v":1.6997850000000003},{"$f":"ROUND(F18*H18,2)","v":127.48},1.35]
["8.9","Sinapi",100973,"CARGA, MANOBRA E DESCARGA DE SOLOS E MATERIAIS GRANULARES EM CAMINHÃO BASCULANTE 6 M³ - CARGA COM PÁ CARREGADEIRA (CAÇAMBA DE 1,7 A 2,8 M³ /128 HP) E DESCARGA LIVRE ","m³",75,8.7200000000000006,{"$f":"G19*$K$1","v":10.979352000000002},{"$f":"ROUND(F19*H19,2)","v":823.45},8.7200000000000006]
["8.10",null,null,"FUNDAÇÕES/ ESTRUTURAS DE CONCRETO ARMADO",{"$nulls":4},{"$f":"SUM(I21:I24)","v":13721.1327752}]
["8.11","Sinapi",92802,"CORTE E DOBRA DE AÇO CA-50, DIÂMETRO DE 8,0 MM","kg",101.6,{"$f":"J21","v":10.17},{"$f":"G21*K1","v":12.805047000000002},{"$f":"H21*F21","v":1300.9927752000001},10.17]
["8.12","Sinapi",94965,"CONCRETO FCK = 25MPA, TRAÇO 1:2,3:2,7 (CIMENTO/ AREIA MÉDIA/ BRITA 1) - PREPARO MECÂNICO COM BETONEIRA 400 L. ","m³",17,486.78,{"$f":"G22*K1","v":612.90469800000005},{"$f":"ROUND(F22*H22,2)","v":10419.379999999999},486.78]
["8.13","Sinapi","103673","LANÇAMENTO COM USO DE BOMBA, ADENSAMENTO E ACABAMENTO DE CONCRETO EM ESTRUTURAS. AF_02/2022","m³",17,38.57,{"$f":"G23*K1","v":48.563487000000002},{"$f":"ROUND(F23*H23,2)","v":825.58},38.57]
["8.14","Sinapi",97086,"FABRICAÇÃO, MONTAGEM E DESMONTAGEM DE FORMA PARA RADIER, EM MADEIRA SERRADA, 4 UTILIZAÇÕES.","m²",7.8,119.66,{"$f":"G24*K1","v":150.663906},{"$f":"ROUND(F24*H24,2)","v":1175.18},119.66]
["8.15",null,null,"ALVENARIAS, DIVISÓRIAS E FECHAMENTOS",{"$nulls":4},{"$f":"SUM(I26:I30)","v":43128}]
["8.16","CPU","CPU010","REVESTIMENTO DE PAREDES EM CHAPAS DE AÇO INOXIDÁVEL AISI 304  - APENAS INSTALAÇÃO","m²",20,{"$f":"J26","v":40.591999999999999},{"$f":"(G26*K$1)","v":51.1093872},{"$f":"ROUND(F26*H26,2)","v":1022.19},{"$f":"CPU!I210","v":40.591999999999999}]
["8.17","ORSE","10280/ORSE","MANTA EM LÃ DE VIDRO","m²",66.278000000000006,15.05,18.880224999999999,1251.3399999999999,15.05]
["8.18","CPU","CPU009","CHAPA XADREZ EM ALUMINIO PARA PISO e:3mm, INCLUSO REBITE PARA FIXAÇÃO - APENAS INSTALAÇÃO","m²",56.543999999999997,355.06319999999999,{"$f":"(G28*K$1)","v":447.06007512000002},{"$f":"ROUND(F28*H28,2)","v":25278.560000000001},{"$f":"CPU!I197","v":355.06319999999999}]
["8.19","Sinapi",104723,"PAREDE COM SISTEMA EM CHAPAS DE GESSO PARA DRYWALL, USO INTERNO, COM DUAS FACES DUPLAS E ESTRUTURA METÁLICA COM GUIAS DUPLAS PARA PAREDES COM ÁREA LÍQUIDA MENOR QUE 6 M2, COM VÃOS.","m²",42.8,211.95,266.86624499999999,{"$f":"ROUND(F29*H29,2)","v":11421.88},211.95]
["8.20","Sinapi",96486,"FORRO EM RÉGUAS DE PVC, LISO, PARA AMBIENTES COMERCIAIS, INCLUSIVE ESTRUTURA BIDIRECIONAL DE FIXAÇÃO","m²",54.112000000000002,60.97,76.767327000000009,{"$f":"ROUND(F30*H30,2)","v":4154.03},60.97]
["8.21",null,null,"PINTURAS",{"$nulls":4},{"$f":"SUM(I32:I32)","v":11616.39}]
["8.22","Sinapi",100751,"PINTURA COM TINTA EPOXÍDICA DE ACABAMENTO PULVERIZADA SOBRE PERFIL METÁLICO EXECUTADO EM FÁBRICA (02 DEMÃOS).","m²",263.89999999999998,{"$f":"J32","v":34.96},{"$f":"(G32*K$1)","v":44.018136000000005},{"$f":"ROUND(F32*H32,2)","v":11616.39},34.96]
["8.23",null,null,"COBERTURAS",{"$nulls":4},{"$f":"SUM(I34:I36)","v":42340.17}]
["8.24","ORSE","13874/ORSE","ESTRUTURA METALICA P/ COBERTURA DE CRECHE PADRÃO 1 DO PADRÃO FNDE, EM LIGTH STEEL FRAME, COM PERFIS UE70 MONTANTES DE TUBO UE70, INCLUSIVE FORNECIMENTO E MONTAGEM. EXCLUSIVE TELHAS","m²",98.42,{"$f":"J34","v":113.51},{"$f":"(G34*K$1)","v":142.92044100000001},{"$f":"ROUND(F34*H34,2)","v":14066.23},113.51]
["8.25","Sinapi",94216,"TELHAMENTO COM TELHA METÁLICA TERMOACÚSTICA E = 30 MM, COM ATÉ 2 ÁGUAS, INCLUSO IÇAMENTO","m²",98.42,{"$f":"J35","v":213.13},{"$f":"(G35*K$1)","v":268.35198300000002},{"$f":"ROUND(F35*H35,2)","v":26411.200000000001},213.13]
["8.26","Sinapi",94228,"CALHA EM CHAPA DE AÇO GALVANIZADO NÚMERO 24, DESENVOLVIMENTO DE 50 CM, INCLUSO TRANSPORTE VERTICAL. AF_07/2019","m",18,82.19,103.48542900000001,{"$f":"ROUND(F36*H36,2)","v":1862.74},82.19]
["8.27",null,null,"CONSTRUÇÃO CIVIL",{"$nulls":4},{"$f":"SUM(I38:I42)","v":22978.920000000002}]
["8.28","Sinapi",100702,"PORTA DE CORRER DE ALUMÍNIO, COM DUAS FOLHAS PARA VIDRO, INCLUSO VIDRO LISO INCOLOR, FECHADURA E PUXADOR, SEM ALIZAR. ","m²",4.8499999999999996,{"$f":"J38","v":496.49},{"$f":"(G38*K$1)","v":625.13055900000006},{"$f":"ROUND(F38*H38,2)","v":3031.88},496.49]
["8.29","Sinapi",91341,"PORTA EM ALUMÍNIO DE ABRIR TIPO VENEZIANA COM GUARNIÇÃO, FIXAÇÃO COM PARAFUSOS - FORNECIMENTO E INSTALAÇÃO.","m²",3.8,709.47,{"$f":"(G39*K$1)","v":893.29367700000012},{"$f":"ROUND(F39*H39,2)","v":3394.52},709.47]
["8.30","Sinapi",100674,"CAIXILHO FIXO DE ALUMÍNIO PARA VIDRO (VIDRO INCLUSO), BATENTE/ REQUADRO DE 4 A 14 CM, SEM\nGUARNIÇÃO/ ALIZAR, FIXAÇÃO COM PARAFUSOS, VEDAÇÃO COM SILICONE, EXCLUSIVE CONTRAMARCO -\nFORNECIMENTO E INSTALAÇÃO. AF_11/2024","m²",8.85,794.85,1000.7956350000001,{"$f":"ROUND(F40*H40,2)","v":8857.0400000000009},794.85]
["8.31","CPU","CPU007","REVESTIMENTO CERÂMICO PARA PISO COM PLACAS TIPO ESMALTADA DE DIMENSÕES 45x45cm COM ARGAMASSA AC III","m²",60,68.988867999999997,86.863883698800009,{"$f":"ROUND(F41*H41,2)","v":5211.83},{"$f":"CPU!I173","v":68.988867999999997}]
["8.32","Sinapi",94228,"CALHA EM CHAPA DE AÇO GALVANIZADO NÚMERO 24, DESENVOLVIMENTO DE 50 CM, INCLUSO TRANSPORTE VERTICAL. AF_07/2019","m",24,82.19,103.48542900000001,{"$f":"ROUND(F42*H42,2)","v":2483.65},82.19]
["8.33",null,null,"INSTALAÇÕES PREDIAIS",{"$nulls":4},{"$f":"SUM(I44:I47)","v":13202.47}]
["8.34","CPU","CPU001",{"$f":"[2]CPU!$A$65","v":"EXECUÇÃO DE INSTALAÇÕES HIDROSSANITÁRIAS, EXCLUSIVE EQUIPAMENTOS"},{"$f":"[2]CPU!$I$78","v":"cj"},1,{"$f":"J44","v":2630},{"$f":"(G44*K$1)","v":3311.4330000000004},{"$f":"ROUND(F44*H44,2)","v":3311.43},{"$f":"CPU!I45","v":2630}]
["8.35","CPU","CPU002",{"$f":"[2]CPU!$A$78","v":"EXECUÇÃO DE INSTALAÇÕES ELÉTRICAS, EXCLUSIVE EQUIPAMENTOS"},{"$f":"[2]CPU!$I$78","v":"cj"},1,2742,{"$f":"(G45*K$1)","v":3452.4522000000002},{"$f":"ROUND(F45*H45,2)","v":3452.45},{"$f":"CPU!I58","v":2742}]
["8.36","SINAPI",98052,"TANQUE SÉPTICO CIRCULAR, EM CONCRETO PRÉ-MOLDADO, DIÂMETRO INTERNO = 1,10 M, ALTURA INTERNA = 2,50 M, VOLUME ÚTIL: 2138,2 L (PARA 5 CONTRIBUINTES).","UND",1,{"$f":"J46","v":2061.4899999999998},2595.6220589999998,{"$f":"ROUND(F46*H46,2)","v":2595.62},2061.4899999999998]
["8.37","SINAPI",98062,"SUMIDOURO CIRCULAR, EM CONCRETO PRÉ-MOLDADO, DIÂMETRO INTERNO = 1,88 M, ALTURA INTERNA = 2,00 M, ÁREA DE INFILTRAÇÃO: 13,1 m² (PARA 5 CONTRIBUINTES)","UND",1,3052.16,3842.9746560000003,3842.97,3052.16]
["8.38",null,null,"SERVIÇOS DIVERSOS",{"$nulls":4},{"$f":"SUM(I49:I54)","v":32355.06}]
["8.39","CPU","CPU003",{"$f":"[2]CPU!$A$140","v":"CORTE DE CONTAINER PARA ESQUADRIAS"},{"$f":"[2]CPU!$I$140","v":"m²"},12.65,{"$f":"J49","v":176.28028},{"$f":"(G49*K$1)","v":221.95450054800003},{"$f":"ROUND(F49*H49,2)","v":2807.72},{"$f":"CPU!I78","v":176.28028}]
["8.40","CPU","CPU004",{"$f":"[2]CPU!$A$182","v":"MODIFICAÇÕES NO CONTAINER COM CORTE POR ESMERILHADEIRA "},{"$f":"[2]CPU!$I$182","v":"m"},57.68,91.7072,{"$f":"(G50*K$1)","v":115.46853552},6660.23,{"$f":"CPU!I120","v":91.7072}]
["8.41","CPU","CPU005",{"$f":"[2]CPU!$A$200","v":"MODIFICAÇÕES NO CONTAINER UNIÃO ATRAVÉS DO PROCESSO DE SOLDAGEM, INCLUSO IÇAMENTO DO CONTAINER"},{"$f":"[2]CPU!$I$200","v":"m"},40.799999999999997,337.00267000000002,424.32006179700005,17312.259999999998,{"$f":"CPU!I142","v":337.00267000000002}]
["8.42","ORSE","00900/ORSE","ESCADA DE FERRO COM GUARDA-CORPO","m",0.9,601.49,754.56920500000001,679.11,601.49]
["8.43","CPU","CPU011","GUARDA-CORPO DE AÇO CARBONO, MONTANTES TUBULARES DE 1.1/2\" ESPAÇADOS EM 0,75M, ALTURA APROXIMADA DE 0,90M, PREPARADO COM FUNDO E TINTA EPÓXI NA COR AMARELA","m",1.9,454.72178299999996,572.54019697529998,1087.83,{"$f":"CPU!I233","v":454.72178299999996}]
["8.44","CPU","CPU013","FORNECIMENTO E INSTALAÇÃO DE SUPORTE PARA CAIXA D'ÁGUA EM METALON","un",1,3024.3098244000003,3807.9084999020406,3807.91,{"$f":"CPU!I287","v":3024.3098244000003}]
["8.45",null,null,"MATERIAIS",{"$nulls":4},{"$f":"SUM(I56:I104)","v":162276.37}]
["8.46","Cotação",null,"CONTAINER HIGH CUBE 40 PÉS 12,2X2,3X2,9 (COMPXLARGXALTU)","un",2,{"$f":"J56","v":21140},{"$f":"(G56*K$2)","v":24015.039999999997},{"$f":"ROUND(F56*H56,2)","v":48030.080000000002},{"$f":"CPU!I267","v":21140}]
["8.47","Sinapi",89356,"TUBO PVC, SOLDAVEL, DN 25 MM, AGUA FRIA (NBR-5648)","m",6,21.47,{"$f":"(G57*K$2)","v":24.389919999999996},146.34,21.47]
["8.48","Sinapi",89357,"TUBO PVC, SOLDAVEL, DN 32 MM, AGUA FRIA (NBR-5648)","m",18,29.77,33.818719999999999,608.74,29.77]
["8.49","Sinapi",89448,"TUBO PVC, SOLDAVEL, DN 40 MM, AGUA FRIA (NBR-5648) ","m",3,15.9,18.0624,54.19,15.9]
["8.50","Sinapi",9838,"TUBO PVC SERIE NORMAL, DN 50 MM, PARA ESGOTO PREDIAL (NBR 5688) ","m",30,10.1,11.473599999999999,344.21,10.1]
["8.51","Sinapi",89362,"JOELHO 90 GRAUS, PVC, SOLDÁVEL, DN 25MM, INSTALADO EM RAMAL OU SUB-RAMAL DE ÁGUA - FORNECIMENTO E INSTALAÇÃO. AF_06/2022","un",5,8.36,9.4969599999999978,47.48,8.36]
["8.52","Sinapi",89367,"JOELHO 90 GRAUS, PVC, SOLDÁVEL, DN 32MM, INSTALADO EM RAMAL OU SUB-RAMAL DE ÁGUA - FORNECIMENTO E INSTALAÇÃO. AF_06/2022","un",4,11.66,13.245759999999999,52.98,11.66]
["8.53","Sinapi",89497,"JOELHO 90 GRAUS, PVC, SOLDÁVEL, DN 40MM, INSTALADO EM PRUMADA DE ÁGUA - FORNECIMENTO E INSTALAÇÃO. AF_06/2022","un",3,11.93,13.552479999999999,40.659999999999997,11.93]
["8.54","Sinapi",3874,"LUVA SOLDAVEL COM BUCHA DE LATÃO DN25X1/2\"","un",5,5.94,6.7478400000000001,33.74,5.94]
["8.55","Sinapi",12909,"CAP PVC, SOLDAVEL, DN 50 MM, SERIE NORMAL, PARA ESGOTO PREDIAL","un",3,4.21,4.7825599999999993,14.35,4.21]
["8.56","Sinapi",7136,"TE DE REDUCAO, PVC, SOLDAVEL, 90 GRAUS, 32 MM X 25 MM, PARA AGUA FRIA PREDIAL","un",5,6.63,7.5316799999999988,37.659999999999997,6.63]
["8.57","Sinapi",97,"ADAPTADOR PVC SOLDAVEL, COM FLANGE E ANEL DE VEDACAO, 32 MM X 1\", PARA CAIXA D'ÁGUA","un",1,18.39,20.89104,20.89,18.39]
["8.58","Sinapi",98,"ADAPTADOR PVC SOLDAVEL, COM FLANGE E ANEL DE VEDACAO, 40 MM X 1 1/4\", PARA CAIXA D'ÁGUA","un",1,27.53,31.274079999999998,31.27,27.53]
["8.59","Sinapi",11871,"CAIXA D'AGUA EM POLIETILENO 500 LITROS, COM TAMPA","un",1,{"$f":"J69","v":483.32},549.05151999999998,549.04999999999995,483.32]
["8.60","Sinapi",94795,"TORNEIRA DE BOIA PARA CAIXA D'ÁGUA, ROSCÁVEL, 1/2\" - FORNECIMENTO E INSTALAÇÃO. AF_08/2021","un",1,45.46,51.642559999999996,51.64,45.46]
["8.61","Sinapi",799,"BUCHA DE REDUCAO PVC, ROSCAVEL, 1\" X 1/2\"","un",1,3.48,3.9532799999999995,3.95,3.48]
["8.62","Sinapi",11746,"VALVULA DE ESFERA BRUTA EM BRONZE, BITOLA 1”","un",1,81.650000000000006,92.754400000000004,92.75,81.650000000000006]
["8.63","Sinapi",4177,"NIPLE DE FERRO GALVANIZADO, COM ROSCA BSP, DE 1/2\"","un",1,5.3,6.0207999999999995,{"$f":"ROUND(F73*H73,2)","v":6.02},5.3]
["8.64","Sinapi",3855,"LUVA SOLDAVEL COM BUCHA DE LATÃO DN25X1/2\"","un",1,5.12,5.8163199999999993,{"$f":"ROUND(F74*H74,2)","v":5.82},5.12]
["8.65","Sinapi",11674,"REGISTRO DE ESFERA, PVC, COM VOLANTE, VS, SOLDAVEL, DN 25 MM, COM CORPO\nDIVIDIDO","un",1,17.98,20.425279999999997,{"$f":"ROUND(F75*H75,2)","v":20.43},17.98]
["8.66","Sinapi",35277,"CAIXA DE GORDURA EM PVC, DIAMETRO MINIMO 300 MM, DIAMETRO DE SAIDA 100 MM CAPACIDADE APROXIMADA 18 LITROS, COM TAMPA E CESTO","un",2,303.5,344.77599999999995,{"$f":"ROUND(F76*H76,2)","v":689.55},303.5]
["8.67","Sinapi",89482,"CAIXA SIFONADA, PVC, DN 100 X 100 X 50 MM, FORNECIDA E INSTALADA EM RAMAIS DE ENCAMINHAMENTO DE ÁGUA PLUVIAL. AF_06/2022","un",5,32.89,37.363039999999998,186.82,32.89]
["8.68","Sinapi",89502,"JOELHO 45 GRAUS, PVC, SOLDÁVEL, DN 50MM, INSTALADO EM PRUMADA DE ÁGUA - FORNECIMENTO E INSTALAÇÃO. AF_06/2022","un",4,15.19,17.255839999999999,69.02,15.19]
["8.69","Sinapi",89501,"JOELHO 90 GRAUS, PVC, SOLDÁVEL, DN 50MM, INSTALADO EM PRUMADA DE ÁGUA - FORNECIMENTO E INSTALAÇÃO. AF_06/2022","un",10,12.71,14.438559999999999,144.38999999999999,12.71]
["8.70","Sinapi",103995,"LUVA, PVC, SOLDÁVEL, DN 50MM, INSTALADO EM RAMAL DE DISTRIBUIÇÃO DE ÁGUA - FORNECIMENTO E INSTALAÇÃO. AF_06/2022","un",21,13.32,15.131519999999998,317.76,13.32]
["8.71","Sinapi",89567,"JUNÇÃO SIMPLES, PVC, SERIE R, ÁGUA PLUVIAL, DN 100 X 100 MM, JUNTA ELÁSTICA, FORNECIDO E INSTALADO EM RAMAL DE ENCAMINHAMENTO. AF_06/2022","un",6,76.19,86.551839999999984,519.30999999999995,76.19]
["8.72","Sinapi",12909,"CAP PVC, SOLDAVEL, DN 50 MM, SERIE NORMAL, PARA ESGOTO","un",1,4.21,4.7825599999999993,4.78,4.21]
["8.73","Sinapi",34628,"DISJUNTOR TIPO DIN/IEC, BIPOLAR 63 A","un",1,62.42,70.909120000000001,70.91,62.42]
["8.74","Sinapi",34616,"DISJUNTOR TIPO DIN/IEC, BIPOLAR DE 6 ATE 32A","un",6,44.26,50.27935999999999,301.68,44.26]
["8.75","ORSE","07943/ORSE","DISJUNTOR BIPOLAR DR 25A - DISPOSITIVO DIFERENCIAL RESIDUAL, TIPO AC, 30MA","un",3,278.5,309.13500000000005,927.41,278.5]
["8.76","Sinapi",39805,"QUADRO DE DISTRIBUICAO, EM PVC, DE EMBUTIR, COM BARRAMENTO TERRA / NEUTRO, PARA 12 DISJUNTORES NEMA OU 16 DISJUNTORES DIN","un",1,206.34,234.40223999999998,234.4,206.34]
["8.77","Sinapi",1014,"CABO DE COBRE, FLEXIVEL, CLASSE 4 OU 5, ISOLACAO EM PVC/A, ANTICHAMA BWF-B, 1 CONDUTOR, 450/750 V, SECAO NOMINAL 2,5 MM2","m",397.5,2.62,2.9763199999999999,1183.0899999999999,2.62]
["8.78","Sinapi",39471,"DISPOSITIVO DPS CLASSE II, 1 POLO, TENSAO MAXIMA DE 275 V, CORRENTE MAXIMA DE *45* KA (TIPO AC)","un",2,88.88,100.96767999999999,201.94,88.88]
["8.79","Sinapi",981,"CABO DE COBRE, FLEXIVEL, CLASSE 4 OU 5, ISOLACAO EM PVC/A, ANTICHAMA BWF-B, 1 CONDUTOR, 450/750 V, SECAO NOMINAL 4 MM2","m",77.58,4.3499999999999996,4.9415999999999993,383.37,4.3499999999999996]
["8.80","Sinapi",993,"CABO DE COBRE, FLEXIVEL, CLASSE 4 OU 5, ISOLACAO EM PVC/A, ANTICHAMA BWF-B, COBERTURA PVC-ST1, ANTICHAMA BWF-B, 1 CONDUTOR, 0,6/1 KV, SECAO NOMINAL 1,5 MM2","m",396.4,2.23,2.5332799999999995,1004.19,2.23]
["8.81","Sinapi",38076,"TOMADAS (2 MODULOS) 2P+T 10A, 250V, CONJUNTO MONTADO PARA EMBUTIR 4\" X 2\" (PLACA + SUPORTE + MODULOS)","un",11,16.02,18.198719999999998,200.19,16.02]
["8.82","Sinapi",1871,"CAIXA OCTOGONAL DE FUNDO MOVEL, EM PVC, DE 3\" X 3\", PARA ELETRODUTO FLEXIVEL CORRUGADO","un",8,2.41,2.7377599999999997,21.9,2.41]
["8.83","Sinapi",2689,"ELETRODUTO PVC FLEXIVEL CORRUGADO, COR AMARELA, DE 20 MM","m",15.53,2.61,2.9649599999999996,46.05,2.61]
["8.84","Sinapi",2688,"ELETRODUTO PVC FLEXIVEL CORRUGADO, COR AMARELA, DE 25 MM","m",71.739999999999995,2.83,3.21488,230.64,2.83]
["8.85","Sinapi",20111,"FITA ISOLANTE ADESIVA ANTICHAMA, USO ATE 750 V, EM ROLO DE 19 MM X 20 M","un",6,9,10.223999999999998,61.34,9]
["8.86","Sinapi",1873,"CAIXA DE PASSAGEM, EM PVC, DE 4\" X 4\", PARA ELETRODUTO FLEXIVEL CORRUGADO","un",1,2.67,3.0331199999999998,3.03,2.67]
["8.87","Sinapi",38063,"INTERRUPTOR PARALELO 10A, 250V, CONJUNTO MONTADO PARA EMBUTIR 4\" X 2\" (PLACA + SUPORTE + MODULO)","un",4,8.6199999999999992,9.7923199999999984,39.17,8.6199999999999992]
["8.88","Sinapi",38078,"INTERRUPTOR PARALELO + TOMADA 2P+T 10A, 250V, CONJUNTO MONTADO PARA EMBUTIR 4\" X 2\" (PLACA + SUPORTE + MODULOS)","un",1,14.79,16.801439999999996,16.8,14.79]
["8.89","Sinapi",38775,"LUMINARIA TIPO TARTARUGA PARA AREA EXTERNA EM ALUMINIO, COM GRADE, PARA 1 LAMPADA, BASE E27, POTENCIA MAXIMA 40/60 W (NAO INCLUI LAMPADA)","un",8,80.790000000000006,91.777439999999999,734.22,80.790000000000006]
["8.90","Sinapi",10569,"CAIXA DE PASSAGEM / DERIVACAO / LUZ, OCTOGONAL 4 X4, EM ACO ESMALTADA, COM FUNDO MOVEL SIMPLES (FMS)","un",6,3.31,3.7601599999999999,{"$f":"ROUND(F100*H100,2)","v":22.56},3.31]
["8.91","Sinapi",100954,"TRANSPORTE COM CAMINHÃO CARROCERIA COM GUINDAUTO (MUNCK),  MOMENTO MÁXIMO DE CARGA 11,7 TM, EM VIA INTERNA (DENTRO DO CANTEIRO - UNIDADE: TXKM). AF_07/2020","TXKM",600,8.66,9.8377599999999994,{"$f":"ROUND(F101*H101,2)","v":5902.66},8.66]
["8.92","Sinapi",100788,"KIT CAVALETE PARA GÁS - SEM MEDIDOR OU REGULADOR - ENTRADA INDIVIDUAL PRINCIPAL, EM AÇO GALVANIZADO DN 15 E 25 MM (1/2\" E 1\") - FORNECIMENTO E INSTALAÇÃO","und",1,733.18,832.89247999999986,{"$f":"ROUND(F102*H102,2)","v":832.89},733.18]
["8.93","CPU","CPU008","CHAPA XADREZ EM ALUMINIO PARA PISO e:3mm, INCLUSO REBITE PARA FIXAÇÃO - APENAS MATERIAL","m²",56.543999999999997,486.72239999999999,552.91664639999999,{"$f":"ROUND(F103*H103,2)","v":31264.12},{"$f":"CPU!I184","v":486.72239999999999}]
["8.94","CPU","CPU006","REVESTIMENTO DE PAREDES EM CHAPAS DE AÇO INOXIDÁVEL AISI 304  - APENAS MATERIAL","m²",160.29,365.03999999999996,414.68543999999991,{"$f":"ROUND(F104*H104,2)","v":66469.929999999993},{"$f":"CPU!I154","v":365.03999999999996}]

{"sheet":"CPU","index":2,"n_rows":287,"n_cols":9,"rows_kept":287,"cut":false,"hidden":false,"merged":[[285,0,285,7],[286,0,286,7],[277,0,277,7],[278,0,278,8],[282,0,282,7],[283,0,283,2],[283,4,283,7],[284,0,284,7],[248,0,248,7],[249,0,249,7],[268,0,268,7],[269,0,269,6],[270,0,270,6],[271,0,271,8],[254,0,254,8],[258,0,258,7],[259,0,259,8],[262,0,262,7],[263,0,263,2],[263,4,263,7],[264,0,264,7],[265,0,265,7],[266,0,266,7],[241,0,241,7],[242,0,242,8],[245,0,245,7],[246,0,246,2],[246,4,246,7],[247,0,247,7],[231,0,231,7],[232,0,232,7],[234,0,234,7],[235,0,235,6],[236,0,236,6],[237,0,237,8],[223,0,223,7],[224,0,224,8],[228,0,228,7],[229,0,229,2],[229,4,229,7],[230,0,230,7],[212,0,212,6],[213,0,213,6],[214,0,214,8],[195,0,195,7],[196,0,196,7],[201,0,201,8],[205,0,205,7],[206,0,206,2],[206,4,206,7],[207,0,207,7],[208,0,208,7],[198,0,198,7],[199,0,199,6],[200,0,200,6],[184,0,184,7],[188,0,188,8],[192,0,192,7],[193,0,193,2],[193,4,193,7],[194,0,194,7],[172,0,172,7],[174,0,174,7],[175,0,175,6],[176,0,176,6],[177,0,177,8],[181,0,181,7],[182,0,182,7],[183,0,183,7],[185,0,185,7],[186,0,186,6],[187,0,187,6],[168,0,168,7],[169,0,169,2],[169,4,169,7],[170,0,170,7],[171,0,171,7],[154,0,154,8],[155,0,155,7],[156,0,156,6],[157,0,157,6],[158,0,158,8],[163,0,163,7],[143,0,143,7],[144,0,144,6],[145,0,145,6],[146,0,146,8],[150,0,150,7],[151,0,151,7],[152,0,152,7],[153,0,153,7],[164,0,164,8],[138,0,138,2],[138,4,138,7],[139,0,139,7],[140,0,140,7],[141,0,141,7],[142,0,142,8],[124,0,124,8],[129,0,129,7],[130,0,130,8],[133,0,133,7],[134,0,134,8],[137,0,137,7],[118,0,118,7],[119,0,119,7],[120,0,120,8],[121,0,121,7],[122,0,122,6],[123,0,123,6],[110,0,110,7],[111,0,111,8],[115,0,115,7],[116,0,116,2],[116,4,116,7],[117,0,117,7],[101,0,101,7],[102,0,102,8],[103,0,103,7],[104,0,104,6],[105,0,105,6],[106,0,106,8],[94,0,94,8],[97,0,97,7],[98,0,98,2],[98,4,98,7],[99,0,99,7],[100,0,100,7],[89,0,89,7],[90,0,90,8],[91,0,91,7],[92,0,92,6],[93,0,93,6],[81,0,81,6],[82,0,82,8],[85,0,85,7],[86,0,86,2],[86,4,86,7],[87,0,87,7],[80,0,80,6],[63,0,63,6],[64,0,64,8],[68,0,68,7],[69,0,69,8],[73,0,73,7],[74,0,74,2],[74,4,74,7],[88,0,88,7],[59,0,59,8],[60,0,60,8],[61,0,61,7],[62,0,62,6],[75,0,75,7],[76,0,76,7],[77,0,77,7],[78,0,78,8],[79,0,79,7],[48,0,48,6],[35,0,35,6],[36,0,36,8],[40,0,40,7],[41,0,41,2],[41,4,41,7],[42,0,42,7],[57,0,57,7],[58,0,58,8],[49,0,49,8],[53,0,53,7],[54,0,54,2],[54,4,54,7],[55,0,55,7],[56,0,56,7],[20,0,20,8],[27,0,27,7],[28,0,28,2],[28,4,28,7],[43,0,43,7],[44,0,44,7],[45,0,45,8],[46,0,46,7],[47,0,47,6],[211,0,211,7],[251,0,251,7],[252,0,252,6],[253,0,253,6],[209,0,209,7],[0,0,0,8],[1,0,1,8],[2,0,2,8],[3,0,4,6],[3,7,3,8],[4,7,4,8],[7,0,7,8],[5,0,5,8],[6,0,6,8],[8,0,8,7],[9,0,9,6],[29,0,29,7],[30,0,30,7],[31,0,31,7],[32,0,32,8],[33,0,33,7],[34,0,34,6],[11,0,11,8],[19,0,19,7]]}
["MINISTÉRIO DO DESENVOLVIMENTO REGIONAL - MDR"]
["COMPANHIA DE DESENVOLVIMENTO DOS VALES DO SÃO FRANCISCO E DO PARNAÍBA"]
["SEDE"]
["PLANILHA ORÇAMENTÁRIA DE ESTIMATIVA GERAL PARA O  ESTADO DA PARAÍBA",{"$nulls":6},"Base SINAPI-PB 03/2025       ORSE 02/2025"]
[{"$nulls":7},"Data: Maio/2025"]
["COMPOSIÇÕES DE PREÇO UNITÁRIO"]
[]
[]
[" COMPOSIÇÃO DE PREÇO UNITÁRIO",{"$nulls":7},"CPU003"]
["DESCRIÇÃO DO SERVIÇO",{"$nulls":6},"DATA BASE: ","2024-07-01"]
["ADMINISTRAÇÃO LOCAL ",{"$nulls":6},"UNIDADE: ","mês"]
["MATERIAL"]
["BASE","CÓDIGO","DISCRIMINAÇÃO","UNI","QUANT.","PROD","P.UN.PROD","P.UN.IMPR","P.TOTAL"]
["MERCADO",null,"ALUGUEL","mês",1,null,null,800,{"$f":"E14*H14","v":800}]
["MERCADO",null,"TELEFONE E INTERNET","mês",1,null,null,99.9,99.9]
["MERCADO",null,"ENERGIA ELÉTRICA","kwh",200,null,null,0.53,106]
["MERCADO",null,"ÁGUA E ESGOTO","mês",1,null,null,100,100]
["MERCADO",null,"MATERIAL PARA ESCRITÓRIO","mês",1,null,null,150,150]
["MERCADO",null,"MATERIAL DE LIMPEZA","mês",1,null,null,50,50]
["SUB-TOTAL",{"$nulls":7},{"$f":"SUM(I14:I19)","v":1305.9000000000001}]
["MÃO DE OBRA"]
["BASE","CÓDIGO","DISCRIMINAÇÃO","UNI","QUANT.",null,null,"P.UNIT.","P.TOTAL"]
["MERCADO",null,"ENGENHEIRO DE OBRA ","mês",1,null,null,8483,{"$f":"E23*H23","v":8483}]
["MERCADO",null,"MESTRE DE OBRAS","mês",1,null,null,4515.12,{"$f":"E24*H24","v":4515.12}]
["MERCADO",null,"AUXILIAR DE ESCRITORIO COM ENCARGOS COMPLEMENTARES ","mês",1,null,null,1100,{"$f":"E25*H25","v":1100}]
["MERCADO",null,"TÉCNICO EM SEGURANÇA DO TRABALHO","h",44,null,null,27.26,{"$f":"E26*H26","v":1199.44}]
["MERCADO",null,"VIGIA","mês",1,null,null,1100,{"$f":"E27*H27","v":1100}]
["SUB-TOTAL",{"$nulls":7},{"$f":"SUM(I23:I27)","v":16397.559999999998}]
["PRODUÇÃO DA EQUIPE",null,null,1,"CUSTO ",null,null,null,{"$f":"I28+I20","v":17703.46}]
["TOTAL - R$",{"$nulls":7},{"$f":"I29/D29","v":17703.46}]
["BDI                %",{"$nulls":7},1]
["TOTAL DO SERVIÇO - R$",{"$nulls":7},{"$f":"I30*I31","v":17703.46}]
[]
[" COMPOSIÇÃO DE PREÇO UNITÁRIO",{"$nulls":7},"CPU001"]
["DESCRIÇÃO DO SERVIÇO",{"$nulls":6},"DATA BASE: ","2025-03-01"]
["EXECUÇÃO DE INSTALAÇÕES HIDROSSANITÁRIAS, EXCLUSIVE EQUIPAMENTOS",{"$nulls":6},"UNIDADE: ","cj"]
["MÃO DE OBRA"]
["BASE","CÓDIGO","DISCRIMINAÇÃO","UNI","QUANT.",null,null,"P.UNIT.","P.TOTAL"]
["SINAPI",88316,"SERVENTE DE OBRAS ","h",80,null,null,20.27,{"$f":"E39*H39","v":1621.6}]
["SINAPI",88309,"PEDREIRO","h",40,null,null,25.21,{"$f":"E40*H40","v":1008.4000000000001}]
["SUB-TOTAL",{"$nulls":7},{"$f":"SUM(I39:I40)","v":2630}]
["PRODUÇÃO DA EQUIPE",null,null,1,"CUSTO ",null,null,null,{"$f":"SUM(I41)","v":2630}]
["TOTAL - R$",{"$nulls":7},{"$f":"I42/D42","v":2630}]
["BDI                %",{"$nulls":7},1]
["TOTAL DO SERVIÇO - R$",{"$nulls":7},{"$f":"I43*I44","v":2630}]
[]
[" COMPOSIÇÃO DE PREÇO UNITÁRIO",{"$nulls":7},"CPU002"]
["DESCRIÇÃO DO SERVIÇO",{"$nulls":6},"DATA BASE: ","2025-03-01"]
["EXECUÇÃO DE INSTALAÇÕES ELÉTRICAS, EXCLUSIVE EQUIPAMENTOS",{"$nulls":6},"UNIDADE: ","cj"]
["MÃO DE OBRA"]
["BASE","CÓDIGO","DISCRIMINAÇÃO","UNI","QUANT.",null,null,"P.UNIT.","P.TOTAL"]
["SINAPI",88247,"AUXILIAR DE ELETRICISTA","h",80,null,null,21.5,{"$f":"E52*H52","v":1720}]
["SINAPI",88264,"ELETRICISTA","h",40,null,null,25.55,{"$f":"E53*H53","v":1022}]
["SUB-TOTAL",{"$nulls":7},{"$f":"SUM(I52:I53)","v":2742}]
["PRODUÇÃO DA EQUIPE",null,null,1,"CUSTO ",null,null,null,{"$f":"SUM(I54)","v":2742}]
["TOTAL - R$",{"$nulls":7},{"$f":"I55/D55","v":2742}]
["BDI                %",{"$nulls":7},1]
["TOTAL DO SERVIÇO - R$",{"$nulls":7},{"$f":"I56*I57","v":2742}]
[]
[]
[]
[" COMPOSIÇÃO DE PREÇO UNITÁRIO",{"$nulls":7},"CPU003"]
["DESCRIÇÃO DO SERVIÇO",{"$nulls":6},"DATA BASE: ","2025-03-01"]
["CORTE DE CONTAINER PARA ESQUADRIAS",{"$nulls":6},"UNIDADE: ","m²"]
["MATERIAL"]
["BASE","CÓDIGO","DISCRIMINAÇÃO","UNI","QUANT.",null,null,"P.UNIT.","P.TOTAL"]
["SINAPI",11359,"ESMERILHADEIRA ANGULAR ELETRICA, DIAMETRO DO DISCO 7 '' (180 MM), ROTACAO 8500RPM, POTENCIA 2400 W","un",7.0999999999999994E-2,null,null,792.68,{"$f":"E67*H67","v":56.280279999999991}]
["SINAPI",44531,"DISCO DE CORTE DIAMANTADO SEGMENTADO DIAMETRO DE 180 MM PARA ESMERILHADEIRA 7 \"","un",1,null,null,94.63,{"$f":"E68*H68","v":94.63}]
["SUB-TOTAL",{"$nulls":7},{"$f":"SUM(I67:I68)","v":150.91028}]
["MÃO DE OBRA"]
["BASE","CÓDIGO","DISCRIMINAÇÃO","UNI","QUANT.",null,null,"P.UNIT.","P.TOTAL"]
["SINAPI",88317,"SOLDADOR COM ENCARGOS COMPLEMENTARES ","h",0.5,null,null,25.72,{"$f":"E72*H72","v":12.86}]
["SINAPI",88315,"SERRALHEIRO COM ENCARGOS COMPLEMENTARES ","h",0.5,null,null,25.02,{"$f":"E73*H73","v":12.51}]
["SUB-TOTAL",{"$nulls":7},{"$f":"SUM(I72:I73)","v":25.369999999999997}]
["PRODUÇÃO DA EQUIPE",null,null,1,"CUSTO ",null,null,null,{"$f":"I74+I69","v":176.28028}]
["TOTAL - R$",{"$nulls":7},{"$f":"I75/D75","v":176.28028}]
["BDI                %",{"$nulls":7},1]
["TOTAL DO SERVIÇO - R$",{"$nulls":7},{"$f":"I76*I77","v":176.28028}]
[]
[" COMPOSIÇÃO DE PREÇO UNITÁRIO",{"$nulls":7},"CPU010"]
["DESCRIÇÃO DO SERVIÇO",{"$nulls":6},"DATA BASE: ","2024-07-01"]
["FORNECIMENTO E MONTAGEM DE ESTRUTURA PARA COBERTURA COM ÁREA TOTAL DE 86,27 M² INCLUINDO CALHA E TELHA SANDUÍCHE",{"$nulls":6},"UNIDADE: ","cj"]
["MÃO DE OBRA"]
["BASE","CÓDIGO","DISCRIMINAÇÃO","UNI","QUANT.",null,null,"P.UNIT.","P.TOTAL"]
["COTAÇÃO",null,"FABRICAÇÃO E MONTAGEM DE ESTRUTURA METÁLICA PARA COBERTURA DE UNIDADE COM ÁREA TOTAL DE 86,26 M²","cj",1,null,null,24877.99,{"$f":"E85*H85","v":24877.99}]
["SUB-TOTAL",{"$nulls":7},{"$f":"SUM(I85:I85)","v":24877.99}]
["PRODUÇÃO DA EQUIPE",null,null,1,"CUSTO ",null,null,null,{"$f":"SUM(I86)","v":24877.99}]
["TOTAL - R$",{"$nulls":7},{"$f":"I87/D87","v":24877.99}]
["BDI                %",{"$nulls":7},1]
["TOTAL DO SERVIÇO - R$",{"$nulls":7},{"$f":"I88*I89","v":24877.99}]
[]
[" COMPOSIÇÃO DE PREÇO UNITÁRIO",{"$nulls":7},"CPU011"]
["DESCRIÇÃO DO SERVIÇO",{"$nulls":6},"DATA BASE: ","2024-07-01"]
["FORNECIMENTO E MONTAGEM DE ESTRUTURA PARA COBERTURA COM ÁREA TOTAL DE 137,9 M² INCLUINDO CALHA E TELHA SANDUÍCHE",{"$nulls":6},"UNIDADE: ","cj"]
["MÃO DE OBRA"]
["BASE","CÓDIGO","DISCRIMINAÇÃO","UNI","QUANT.",null,null,"P.UNIT.","P.TOTAL"]
["COTAÇÃO",null,"FABRICAÇÃO E MONTAGEM DE ESTRUTURA METÁLICA PARA COBERTURA DE UNIDADE COM ÁREA TOTAL DE 137,9 M²","cj",1,null,null,39043.9,{"$f":"E97*H97","v":39043.9}]
["SUB-TOTAL",{"$nulls":7},{"$f":"SUM(I97:I97)","v":39043.9}]
["PRODUÇÃO DA EQUIPE",null,null,1,"CUSTO ",null,null,null,{"$f":"SUM(I98)","v":39043.9}]
["TOTAL - R$",{"$nulls":7},{"$f":"I99/D99","v":39043.9}]
["BDI                %",{"$nulls":7},1]
["TOTAL DO SERVIÇO - R$",{"$nulls":7},{"$f":"I100*I101","v":39043.9}]
[]
[" COMPOSIÇÃO DE PREÇO UNITÁRIO",{"$nulls":7},"CPU004"]
["DESCRIÇÃO DO SERVIÇO",{"$nulls":6},"DATA BASE: ","2025-03-01"]
["MODIFICAÇÕES NO CONTAINER COM CORTE POR ESMERILHADEIRA ",{"$nulls":6},"UNIDADE: ","m"]
["MATERIAL"]
["BASE","CÓDIGO","DISCRIMINAÇÃO","UNI","QUANT.",null,null,"P.UNIT.","P.TOTAL"]
["SINAPI",11359,"ESMERILHADEIRA ANGULAR ELETRICA, DIAMETRO DO DISCO 7 '' (180 MM), ROTACAO 8500RPM, POTENCIA 2400 W","un",0.04,null,null,792.68,{"$f":"E109*H109","v":31.7072}]
["SINAPI",44531,"DISCO DE CORTE DIAMANTADO SEGMENTADO DIAMETRO DE 180 MM PARA ESMERILHADEIRA 7 \"","un",0.5,null,null,94.63,{"$f":"E110*H110","v":47.314999999999998}]
["SUB-TOTAL",{"$nulls":7},{"$f":"SUM(I109:I110)","v":79.022199999999998}]
["MÃO DE OBRA"]
["BASE","CÓDIGO","DISCRIMINAÇÃO","UNI","QUANT.",null,null,"P.UNIT.","P.TOTAL"]
["SINAPI",88317,"SOLDADOR COM ENCARGOS COMPLEMENTARES ","h",0.25,null,null,25.72,{"$f":"E114*H114","v":6.43}]
["SINAPI",88315,"SERRALHEIRO COM ENCARGOS COMPLEMENTARES ","h",0.25,null,null,25.02,{"$f":"E115*H115","v":6.2549999999999999}]
["SUB-TOTAL",{"$nulls":7},{"$f":"SUM(I114:I115)","v":12.684999999999999}]
["PRODUÇÃO DA EQUIPE",null,null,1,"CUSTO ",null,null,null,{"$f":"I116+I111","v":91.7072}]
["TOTAL - R$",{"$nulls":7},{"$f":"I117/D117","v":91.7072}]
["BDI                %",{"$nulls":7},1]
["TOTAL DO SERVIÇO - R$",{"$nulls":7},{"$f":"I118*I119","v":91.7072}]
[]
[" COMPOSIÇÃO DE PREÇO UNITÁRIO",{"$nulls":7},"CPU005"]
["DESCRIÇÃO DO SERVIÇO",{"$nulls":6},"DATA BASE: ","2025-03-01"]
["MODIFICAÇÕES NO CONTAINER UNIÃO ATRAVÉS DO PROCESSO DE SOLDAGEM, INCLUSO IÇAMENTO DO CONTAINER",{"$nulls":6},"UNIDADE: ","m"]
["EQUIPAMENTO"]
["BASE","CÓDIGO","DISCRIMINAÇÃO","UNI","QUANT.",null,null,"P.UNIT.","P.TOTAL"]
["SINAPI",92716,"APARELHO PARA CORTE E SOLDA OXI-ACETILENO SOBRE RODAS, INCLUSIVE CILINDROS E MAÇARICOS ","chp",0.18459999999999999,null,null,98.73,{"$f":"E127*H127","v":18.225557999999999}]
["SINAPI",92715,"APARELHO PARA CORTE E SOLDA OXI-ACETILENO SOBRE RODAS, INCLUSIVE CILINDROS E MAÇARICOS - MATERIAIS NA OPERAÇÃO. ","h",1.56,null,null,98.49,{"$f":"E128*H128","v":153.64439999999999}]
["SINAPI",5928,"GUINDAUTO HIDRÁULICO, CAPACIDADE MÁXIMA DE CARGA 6200 KG, MOMENTO MÁXIMO DE CARGA 11,7 TM, ALCANCE MÁXIMO HORIZONTAL 9,70 M, INCLUSIVE CAMINHÃO TOCO PBT 16.000 KG, POTÊNCIA DE 189 CV","chp",0.23880000000000001,null,null,281.74,{"$f":"E129*H129","v":67.279512000000011}]
["SUB-TOTAL",{"$nulls":7},{"$f":"SUM(I127:I129)","v":239.14947000000001}]
["SERVIÇOS - COMPOSIÇÕES AUXILIARES"]
["BASE","CÓDIGO","DISCRIMINAÇÃO","UNI","QUANT.",null,null,"P.UNIT.","P.TOTAL"]
["SINAPI",98746,"SOLDA DE TOPO EM CHAPA/PERFIL/TUBO DE AÇO CHANFRADO, ESPESSURA=1/4''. ","m",1,null,null,57.73,{"$f":"E133*H133","v":57.73}]
["SUB-TOTAL",{"$nulls":7},{"$f":"SUM(I133:I133)","v":57.73}]
["MÃO DE OBRA"]
["BASE","CÓDIGO","DISCRIMINAÇÃO","UNI","QUANT.",null,null,"P.UNIT.","P.TOTAL"]
["SINAPI",88317,"SOLDADOR COM ENCARGOS COMPLEMENTARES ","h",1.56,null,null,25.72,{"$f":"E137*H137","v":40.123199999999997}]
["SUB-TOTAL",{"$nulls":7},{"$f":"SUM(I137:I137)","v":40.123199999999997}]
["PRODUÇÃO DA EQUIPE",null,null,1,"CUSTO ",null,null,null,{"$f":"I138+I130+I134","v":337.00267000000002}]
["TOTAL - R$",{"$nulls":7},{"$f":"I139/D139","v":337.00267000000002}]
["BDI                %",{"$nulls":7},1]
["TOTAL DO SERVIÇO - R$",{"$nulls":7},{"$f":"I140*I141","v":337.00267000000002}]
[]
[" COMPOSIÇÃO DE PREÇO UNITÁRIO",{"$nulls":7},"CPU006"]
["DESCRIÇÃO DO SERVIÇO",{"$nulls":6},"DATA BASE: ","2025-03-01"]
["REVESTIMENTO DE PAREDES EM CHAPAS DE AÇO INOXIDÁVEL AISI 304 - CONSIDERANDO CHAPA DE 1,2mm",{"$nulls":6},"UNIDADE: ","M²"]
["MATERIAL"]
["BASE","CÓDIGO","DISCRIMINAÇÃO","UNI","QUANT.",null,null,"P.UNIT.","P.TOTAL"]
["COTAÇÃO",null,"CHAPAS DE AÇO INOXIDÁVEL AISI 304","KG",9.6,null,null,34,{"$f":"E149*H149","v":326.39999999999998}]
["SINAPI",131,"ADESIVO ESTRUTURAL A BASE DE RESINA EPOXI, BICOMPONENTE, PASTOSO (TIXOTROPICO)","KG",0.6,null,null,64.400000000000006,{"$f":"E150*H150","v":38.64}]
["SUB-TOTAL",{"$nulls":7},{"$f":"SUM(I149:I150)","v":365.03999999999996}]
["TOTAL - R$",{"$nulls":7},{"$f":"I151","v":365.03999999999996}]
["BDI                %",{"$nulls":7},1]
["TOTAL DO SERVIÇO - R$",{"$nulls":7},{"$f":"I152*I153","v":365.03999999999996}]
[]
[" COMPOSIÇÃO DE PREÇO UNITÁRIO",{"$nulls":7},"CPU007"]
["DESCRIÇÃO DO SERVIÇO",{"$nulls":6},"DATA BASE: ","2025-03-01"]
["REVESTIMENTO CERÂMICO PARA PISO COM PLACAS TIPO ESMALTADA DE DIMENSÕES 45x45cm COM ARGAMASSA AC III",{"$nulls":6},"UNIDADE: ","m²"]
["MATERIAL"]
["BASE","CÓDIGO","DISCRIMINAÇÃO","UNI","QUANT.",null,null,"P.UNIT.","P.TOTAL"]
["Sinapi",37596,"ARGAMASSA COLANTE TIPO AC III E","KG",9.1325000000000003,null,null,2.92]
["Sinapi",1287,"PISO EM CERAMICA ESMALTADA EXTRA, COR LISA, PEI MAIOR OU IGUAL A 4, FORMATO MENOR OU IGUAL A 5 CM2","m²",1.1135999999999999,null,null,38.74,{"$f":"E162*H162","v":43.140864000000001}]
["Sinapi",34357,"REJUNTE CIMENTÍCIO, QUALQUER COR","KG",0.188,null,null,4.87,{"$f":"E163*H163","v":0.91556000000000004}]
["SUB-TOTAL",{"$nulls":7},{"$f":"SUM(I162:I163)","v":44.056424}]
["MÃO DE OBRA"]
["BASE","CÓDIGO","DISCRIMINAÇÃO","UNI","QUANT.",null,null,"P.UNIT.","P.TOTAL"]
["SINAPI",88317,"AZULEJISTA OU LADRILHISTA COM ENCARGOS COMPLEMENTARES","h",0.80640000000000001,null,null,25.72,{"$f":"E167*H167","v":20.740607999999998}]
["SINAPI",88316,"SERVENTE COM ENCARGOS COMPLEMENTARES","h",0.20680000000000001,null,null,20.27,{"$f":"E168*H168","v":4.1918360000000003}]
["SUB-TOTAL",{"$nulls":7},{"$f":"SUM(I167:I168)","v":24.932443999999997}]
["PRODUÇÃO DA EQUIPE",null,null,1,"CUSTO ",null,null,null,{"$f":"I169+I164","v":68.988867999999997}]
["TOTAL - R$",{"$nulls":7},{"$f":"I170/D170","v":68.988867999999997}]
["BDI                %",{"$nulls":7},1]
["TOTAL DO SERVIÇO - R$",{"$nulls":7},{"$f":"I171*I172","v":68.988867999999997}]
[]
[" COMPOSIÇÃO DE PREÇO UNITÁRIO",{"$nulls":7},"CPU008"]
["DESCRIÇÃO DO SERVIÇO",{"$nulls":6},"DATA BASE: ","2025-03-01"]
["CHAPA XADREZ EM ALUMINIO PARA PISO e:3mm, INCLUSO REBITE PARA FIXAÇÃO - MATERIAL",{"$nulls":6},"UNIDADE: ","m"]
["MATERIAL"]
["BASE","CÓDIGO","DISCRIMINAÇÃO","UNI","QUANT.",null,null,"P.UNIT.","P.TOTAL"]
["SINAPI",1337,"CHAPA DE ACO XADREZ PARA PISOS, E = 1/4\" (6,30 MM) 54,53 KG/M2","kg",38,null,null,10.65,{"$f":"E180*H180","v":404.7}]
["SINAPI",10997,"ELETRODO REVESTIDO AWS - E7018, DIAMETRO IGUAL A 4,00 MM","Kg",2.88,null,null,28.48,{"$f":"E181*H181","v":82.022400000000005}]
["SUB-TOTAL",{"$nulls":7},{"$f":"SUM(I180:I181)","v":486.72239999999999}]
["BDI                %",{"$nulls":7},1]
["TOTAL DO SERVIÇO - R$",{"$nulls":7},{"$f":"I182","v":486.72239999999999}]
[]
[" COMPOSIÇÃO DE PREÇO UNITÁRIO",{"$nulls":7},"CPU009"]
["DESCRIÇÃO DO SERVIÇO",{"$nulls":6},"DATA BASE: ","2025-03-01"]
["CHAPA XADREZ EM ALUMINIO PARA PISO e:3mm, INCLUSO REBITE PARA FIXAÇÃO   -  MÃO DE OBRA",{"$nulls":6},"UNIDADE: ","m"]
["MÃO DE OBRA"]
["BASE","CÓDIGO","DISCRIMINAÇÃO","UNI","QUANT.",null,null,"P.UNIT.","P.TOTAL"]
["SINAPI",88315,"SERRALHEIRO COM ENCARGOS","H",8.99,null,null,25.02,{"$f":"E191*H191","v":224.9298}]
["SINAPI",88316,"SERVENTE COM ENCARGOS COMPLEMENTARES","H",6.42,null,null,20.27,{"$f":"E192*H192","v":130.13339999999999}]
["SUB-TOTAL",{"$nulls":7},{"$f":"SUM(I191:I192)","v":355.06319999999999}]
["PRODUÇÃO DA EQUIPE",null,null,1,"CUSTO ",null,null,null,{"$f":"I193+I185","v":355.06319999999999}]
["TOTAL - R$",{"$nulls":7},{"$f":"I194/D194","v":355.06319999999999}]
["BDI                %",{"$nulls":7},1]
["TOTAL DO SERVIÇO - R$",{"$nulls":7},{"$f":"I195*I196","v":355.06319999999999}]
[]
[" COMPOSIÇÃO DE PREÇO UNITÁRIO",{"$nulls":7},"CPU0010"]
["DESCRIÇÃO DO SERVIÇO",{"$nulls":6},"DATA BASE: ","2025-03-01"]
["REVESTIMENTO DE PAREDES EM CHAPAS DE AÇO INOXIDÁVEL AISI 304 - CONSIDERANDO CHAPA DE 1,2mm",{"$nulls":6},"UNIDADE: ","M²"]
["APENAS MÃO DE OBRA"]
["BASE","CÓDIGO","DISCRIMINAÇÃO","UNI","QUANT.",null,null,"P.UNIT.","P.TOTAL"]
["SINAPI",88317,"SOLDADOR COM ENCARGOS COMPLEMENTARES ","h",0.8,null,null,25.72,{"$f":"E204*H204","v":20.576000000000001}]
["SINAPI",88315,"SERRALHEIRO COM ENCARGOS COMPLEMENTARES ","h",0.8,null,null,25.02,{"$f":"E205*H205","v":20.016000000000002}]
["SUB-TOTAL",{"$nulls":7},{"$f":"SUM(I204:I205)","v":40.591999999999999}]
["PRODUÇÃO DA EQUIPE",null,null,1,"CUSTO ",null,null,null,{"$f":"I205+I204","v":40.591999999999999}]
["TOTAL - R$",{"$nulls":7},{"$f":"I207/D207","v":40.591999999999999}]
["BDI                %",{"$nulls":7},1]
["TOTAL DO SERVIÇO - R$",{"$nulls":7},{"$f":"I208*I209","v":40.591999999999999}]
[]
[" COMPOSIÇÃO DE PREÇO UNITÁRIO",{"$nulls":7},"CPU011"]
["DESCRIÇÃO DO SERVIÇO",{"$nulls":6},"DATA BASE: ","2025-03-01"]
["GUARDA-CORPO DE AÇO CARBONO, MONTANTES TUBULARES DE 1.1/2\" ESPAÇADOS EM 0,75M, ALTURA APROXIMADA DE 0,90M, PREPARADO COM FUNDO E TINTA EPÓXI NA COR AMARELA",{"$nulls":6},"UNIDADE: ","m"]
["MATERIAL"]
["BASE","CÓDIGO","DISCRIMINAÇÃO","UNI","QUANT.",null,null,"P.UNIT.","P.TOTAL"]
["SINAPI",1332,"CHAPA DE ACO GROSSA, ASTM A36, E = 3/8 \" (9,53 MM) 74,69 KG/M2","KG","0,8960000",null,null,9.4700000000000006,{"$f":"E217*H217","v":8.4851200000000002}]
["SINAPI",11002,"ELETRODO REVESTIDO AWS - E6013, DIAMETRO IGUAL A 2,50 MM","KG","0,0650000",null,null,27.35,1.7777500000000002]
["SINAPI",11964,"PARAFUSO DE ACO TIPO CHUMBADOR PARABOLT, DIAMETRO 3/8\", COMPRIMENTO 75 MM","UN","3,3330000",null,null,2.5,8.3324999999999996]
["SINAPI",21001,"TUBO ACO CARBONO COM COSTURA, NBR 5580, CLASSE L, DN = 25 MM, E = 2,65 MM, 2,02 KG/M","M",1.0417000000000001,null,null,17.39,18.115163000000003]
["SINAPI",21003,"TUBO ACO CARBONO COM COSTURA, NBR 5580, CLASSE L, DN = 40 MM, E = 3,0 MM, 3,34 KG/M","M",3.0250000000000004,null,null,28.57,86.424250000000015]
["SINAPI",100719,"PINTURA COM TINTA ALQUÍDICA DE FUNDO (TIPO ZARCÃO) PULVERIZADA SOBRE PERFIL METÁLICO EXECUTADO EM FÁBRICA (POR DEMÃO). AF_01/2020_PE","M2",1.1000000000000001,null,null,9.5,10.450000000000001]
["SINAPI",100729,"PINTURA COM TINTA EPOXÍDICA DE ACABAMENTO PULVERIZADA SOBRE PERFIL METÁLICO EXECUTADO EM FÁBRICA (POR DEMÃO). AF_01/2020_PE","M2",1.1000000000000001,null,null,17.47,19.216999999999999]
["SUB-TOTAL",{"$nulls":7},{"$f":"SUM(I217:I223)","v":152.801783}]
["MÃO DE OBRA"]
["BASE","CÓDIGO","DISCRIMINAÇÃO","UNI","QUANT.",null,null,"P.UNIT.","P.TOTAL"]
["SINAPI",88251,"AUXILIAR DE SERRALHEIRO COM ENCARGOS COMPLEMENTARES","H",8,null,null,21.06,{"$f":"H227*E227","v":168.48}]
["SINAPI",88315,"SERRALHEIRO COM ENCARGOS COMPLEMENTARES","H",5.333333333333333,null,null,25.02,{"$f":"H228*E228","v":133.44}]
["SUB-TOTAL",{"$nulls":7},{"$f":"SUM(I227:I228)","v":301.91999999999996}]
["PRODUÇÃO DA EQUIPE",null,null,1,"CUSTO ",null,null,null,{"$f":"I229+I224","v":454.72178299999996}]
["TOTAL - R$",{"$nulls":7},{"$f":"I230/D230","v":454.72178299999996}]
["BDI                %",{"$nulls":7},1]
["TOTAL DO SERVIÇO - R$",{"$nulls":7},{"$f":"I231*I232","v":454.72178299999996}]
[]
[" COMPOSIÇÃO DE PREÇO UNITÁRIO",{"$nulls":7},"CPU012"]
["DESCRIÇÃO DO SERVIÇO",{"$nulls":6},"DATA BASE: ","2025-03-01"]
["FORNECIMENTO DE CONTAINER DRY BOX 20 PÉS 6,1X2,21X2,6 (COMPXLARGXALTU)",{"$nulls":6},"UNIDADE: ","un"]
["MATERIAL"]
["BASE","CÓDIGO","DISCRIMINAÇÃO","UNI","QUANT.",null,null,"P.UNIT.","P.TOTAL"]
["COTAÇÃO","-","CONTAINER DRY BOX 20 PÉS 6,1X2,21X2,6 (COMPXLARGXALTU)","un",1,null,null,20978.75,{"$f":"E240*H240","v":20978.75}]
["COTAÇÃO","-","FRETE DE CONTAINER TIPO CIF","un",1,null,null,null,{"$f":"E241*H241","v":0}]
["SUB-TOTAL",{"$nulls":7},{"$f":"SUM(I240:I241)","v":20978.75}]
["MÃO DE OBRA"]
["BASE","CÓDIGO","DISCRIMINAÇÃO","UNI","QUANT.",null,null,"P.UNIT.","P.TOTAL"]
["-","-","-","-","-",null,null,"-","-"]
["SUB-TOTAL",{"$nulls":7},{"$f":"SUM(I245:I245)","v":0}]
["PRODUÇÃO DA EQUIPE",null,null,1,"CUSTO ",null,null,null,{"$f":"I246+I242","v":20978.75}]
["TOTAL - R$",{"$nulls":7},{"$f":"I247/D247","v":20978.75}]
["BDI                %",{"$nulls":7},1]
["TOTAL DO SERVIÇO - R$",{"$nulls":7},{"$f":"I248*I249","v":20978.75}]
[]
[" COMPOSIÇÃO DE PREÇO UNITÁRIO",{"$nulls":7},"CPU012"]
["DESCRIÇÃO DO SERVIÇO",{"$nulls":6},"DATA BASE: ","2025-03-01"]
["FORNECIMENTO DE CONTAINER DRY BOX 20 PÉS 6,1X2,21X2,6 (COMPXLARGXALTU)",{"$nulls":6},"UNIDADE: ","un"]
["MATERIAL"]
["BASE","CÓDIGO","DISCRIMINAÇÃO","UNI","QUANT.",null,null,"P.UNIT.","P.TOTAL"]
["COTAÇÃO","-","CONTAINER DRY BOX 20 PÉS 6,1X2,21X2,6 (COMPXLARGXALTU)","un",1,null,null,21140,{"$f":"E257*H257","v":21140}]
["COTAÇÃO","-","FRETE DE CONTAINER TIPO CIF","un",1,null,null,null,{"$f":"E258*H258","v":0}]
["SUB-TOTAL",{"$nulls":7},{"$f":"SUM(I257:I258)","v":21140}]
["MÃO DE OBRA"]
["BASE","CÓDIGO","DISCRIMINAÇÃO","UNI","QUANT.",null,null,"P.UNIT.","P.TOTAL"]
["-","-","-","-","-",null,null,"-","-"]
["SUB-TOTAL",{"$nulls":7},{"$f":"SUM(I262:I262)","v":0}]
["PRODUÇÃO DA EQUIPE",null,null,1,"CUSTO ",null,null,null,{"$f":"I263+I259","v":21140}]
["TOTAL - R$",{"$nulls":7},{"$f":"I264/D264","v":21140}]
["BDI                %",{"$nulls":7},1]
["TOTAL DO SERVIÇO - R$",{"$nulls":7},{"$f":"I265*I266","v":21140}]
[]
[" COMPOSIÇÃO DE PREÇO UNITÁRIO",{"$nulls":7},"CPU013"]
["DESCRIÇÃO DO SERVIÇO",{"$nulls":6},"DATA BASE: ","2025-03-01"]
["FORNECIMENTO E INSTALAÇÃO DE SUPORTE PARA CAIXA D'ÁGUA EM METALON",{"$nulls":6},"UNIDADE: ","un"]
["MATERIAL"]
["BASE","CÓDIGO","DISCRIMINAÇÃO","UNI","QUANT.",null,null,"P.UNIT.","P.TOTAL"]
["ORSE","08851/ORSE","Tubo industrial, em aço, quadrado, dim 50 x 50 mm, e=2,00mm, 4,476 kg/m","m",{"$f":"5.4*1.1","v":5.9400000000000013},null,null,80.040000000000006,{"$f":"E274*H274","v":475.43760000000015}]
["ORSE","03664/ORSE","Chapa aço fina preta lisa nº14, e=2,00mm (16,0 kg/m2)","m2",{"$f":"2.427*1.075*1.1","v":2.8699275000000002},null,null,142.56,{"$f":"E275*H275","v":409.13686440000004}]
["SINAPI",100719,"PINTURA COM TINTA ALQUÍDICA DE FUNDO (TIPO ZARCÃO) PULVERIZADA SOBRE PERFIL METÁLICO EXECUTADO EM FÁBRICA (POR DEMÃO). AF_01/2020_PE","m2",{"$f":"SUM(E277,E274)*2","v":22.558800000000005},null,null,9.5,{"$f":"E276*H276","v":214.30860000000004}]
["ORSE","13120/ORSE","Perfil Aço, UDC Enrijecido 75 x 40 x 3,43(kg/m) - SAE 1008/1012","kg",{"$f":"2.427*2*1.1","v":5.3394000000000004},null,null,15.4,{"$f":"E277*H277","v":82.226760000000013}]
["SUB-TOTAL",{"$nulls":7},{"$f":"SUM(I274:I277)","v":1181.1098244000002}]
["MÃO DE OBRA"]
["BASE","CÓDIGO","DISCRIMINAÇÃO","UNI","QUANT.",null,null,"P.UNIT.","P.TOTAL"]
["SINAPI",88251,"AUXILIAR DE SERRALHEIRO COM ENCARGOS COMPLEMENTARES","H",{"$f":"20*2","v":40},null,null,21.06,{"$f":"H281*E281","v":842.4}]
["SINAPI","88315","SERRALHEIRO COM ENCARGOS COMPLEMENTARES","H",{"$f":"20*2","v":40},null,null,25.02,{"$f":"H282*E282","v":1000.8}]
["SUB-TOTAL",{"$nulls":7},{"$f":"SUM(I281:I282)","v":1843.1999999999998}]
["PRODUÇÃO DA EQUIPE",null,null,1,"CUSTO ",null,null,null,{"$f":"I283+I278","v":3024.3098244000003}]
["TOTAL - R$",{"$nulls":7},{"$f":"I284/D284","v":3024.3098244000003}]
["BDI                %",{"$nulls":7},1]
["TOTAL DO SERVIÇO - R$",{"$nulls":7},{"$f":"I285*I286","v":3024.3098244000003}]